{"text_format":"3","workbook":"xlsx","n_sheets":1,"sheets":["Detailed Estimate "],"not_rendered":{"images":1,"defined_names":2},"read":"whole","date_system":"1900"}

{"sheet":"Detailed Estimate ","index":0,"n_rows":623,"n_cols":8,"rows_kept":623,"merged":[[1,7,1,9],[2,6,3,6],[2,7,3,9],[6,0,6,1],[6,3,6,7],[16,0,16,1],[16,3,16,7],[52,1,75,1],[77,1,80,1],[83,1,106,1],[108,1,116,1],[119,1,157,1],[160,1,178,1],[181,1,212,1],[218,1,230,1],[233,1,240,1],[243,1,301,1],[304,1,350,1],[353,1,365,1],[368,1,443,1],[446,1,482,1],[485,1,520,1],[523,1,563,1],[566,1,574,1],[577,1,613,1],[617,0,617,1],[618,0,618,1],[619,0,619,1],[620,0,620,1],[621,0,621,1],[622,0,622,1],[622,2,622,6]]}
[]
["Nexa Estimating, LLC",{"$nulls":5},"PROJECT:"]
[]
["5900 Balcones Drive # 14421 St 100 Austin, TX, 78731"]
[{"$nulls":6},"DATE:"]
["ITEM #","DWG. #","DESCRIPTION","QUANTITY","UNIT","UNIT COST\n(Labor+ Material)","TOTAL COST\n(Labor+ Material)","TRADE  COST"]
[null,null,"GENERAL REQUIREMENTS"]
[{"$f":"IF(D8=\"\",\"\",COUNTA(($D$8:D8)))","v":1},"N/A","Supervision (5%)",{"v":1,"d":"1.0"},"LS",{"v":0,"d":"0.00"},{"$f":"D8*F8","v":{"v":0,"d":"$0"}}]
[{"$f":"IF(D9=\"\",\"\",COUNTA(($D$8:D9)))","v":2},"N/A","Permits (5%)",{"v":1,"d":"1.0"},"LS",{"v":0,"d":"0.00"},{"$f":"D9*F9","v":{"v":0,"d":"$0"}}]
[{"$f":"IF(D10=\"\",\"\",COUNTA(($D$8:D10)))","v":3},"N/A","Final Cleanup (0.2 Per SF)",{"v":1,"d":"1.0"},"LS",{"v":0,"d":"0.00"},{"v":0,"d":"$0"}]
[{"$f":"IF(D11=\"\",\"\",COUNTA(($D$8:D11)))","v":4},"N/A","Mobilization Costs (5%)",{"v":1,"d":"1.0"},"LS",{"v":0,"d":"0.00"},{"v":0,"d":"$0"}]
[{"$f":"IF(D12=\"\",\"\",COUNTA(($D$8:D12)))","v":5},"N/A","Project Overheads (7.3%)",{"v":1,"d":"1.0"},"LS",{"v":0,"d":"0.00"},{"v":0,"d":"$0"}]
[{"$f":"IF(D13=\"\",\"\",COUNTA(($D$8:D13)))","v":6},"N/A","Bonds (8%)",{"v":1,"d":"1.0"},"LS",{"v":0,"d":"0.00"},{"v":0,"d":"$0"}]
[{"$f":"IF(D14=\"\",\"\",COUNTA(($D$8:D14)))","v":7},"N/A","Temporary Control & Facilities (5%)",{"v":1,"d":"1.0"},"LS",{"v":0,"d":"0.00"},{"v":0,"d":"$0"}]
[null,null,"Subtotal (General Requirements)",{"$nulls":4},{"$f":"(SUM(G8:G14))","v":{"v":0,"d":"$0"}}]
[]
[null,null,"Division 09 — Finishes"]
[null,null,"WALL FINISH (TILES)"]
[{"$f":"IF(D19=\"\",\"\",COUNTA(($D$8:D19)))","v":8},"A2.1.1","GLAZED WALL TILE (GWT) ON (0603) TOILET WALLS",{"v":1304.38,"d":"1304.4"},"SQ FT",{"v":12.5,"d":"12.50"},{"$f":"D19*F19","v":{"v":16304.750000000002,"d":"$16,305"}}]
[{"$f":"IF(D20=\"\",\"\",COUNTA(($D$8:D20)))","v":9},"A2.1.1","GLAZED WALL TILE (GWT) ON (0605) TOILET WALLS",{"v":1301.72,"d":"1301.7"},"SQ FT",{"v":12.5,"d":"12.50"},{"$f":"D20*F20","v":{"v":16271.5,"d":"$16,272"}}]
[{"$f":"IF(D21=\"\",\"\",COUNTA(($D$8:D21)))","v":10},"A2.1.3","GLAZED WALL TILE (GWT) ON (0733) TOILET WALLS",2388.4,"SQ FT",{"v":12.5,"d":"12.50"},{"v":29855,"d":"$29,855"}]
[{"$f":"IF(D22=\"\",\"\",COUNTA(($D$8:D22)))","v":11},"A2.1.3","GLAZED WALL TILE (GWT) ON (0721) TOILET WALLS",2280.6,"SQ FT",{"v":12.5,"d":"12.50"},{"v":28507.5,"d":"$28,508"}]
[{"$f":"IF(D23=\"\",\"\",COUNTA(($D$8:D23)))","v":12},"A2.1.4","GLAZED WALL TILE (GWT) ON (0809) TOILET WALLS",{"v":2127.16,"d":"2127.2"},"SQ FT",{"v":12.5,"d":"12.50"},{"v":26589.5,"d":"$26,590"}]
[{"$f":"IF(D24=\"\",\"\",COUNTA(($D$8:D24)))","v":13},"A2.1.4","GLAZED WALL TILE (GWT) ON (0515) TOILET WALLS",{"v":2393.44,"d":"2393.4"},"SQ FT",{"v":12.5,"d":"12.50"},{"v":29918,"d":"$29,918"}]
[{"$f":"IF(D25=\"\",\"\",COUNTA(($D$8:D25)))","v":14},"A2.1.6","GLAZED WALL TILE (GWT) ON (1540) TOILET WALLS",{"v":1055.67705,"d":"1055.7"},"SQ FT",{"v":12.5,"d":"12.50"},{"v":13195.963125,"d":"$13,196"}]
[{"$f":"IF(D26=\"\",\"\",COUNTA(($D$8:D26)))","v":15},"A2.1.6","GLAZED WALL TILE (GWT) ON (1542) TOILET WALLS",{"v":1044.48396,"d":"1044.5"},"SQ FT",{"v":12.5,"d":"12.50"},{"v":13056.049500000001,"d":"$13,056"}]
[{"$f":"IF(D27=\"\",\"\",COUNTA(($D$8:D27)))","v":16},"A2.1.10","GLAZED WALL TILE (GWT) ON (1521) TOILET WALLS",{"v":1293.18522,"d":"1293.2"},"SQ FT",{"v":12.5,"d":"12.50"},{"v":16164.815250000001,"d":"$16,165"}]
[{"$f":"IF(D28=\"\",\"\",COUNTA(($D$8:D28)))","v":17},"A2.1.10","GLAZED WALL TILE (GWT) ON (1519) TOILET WALLS",{"v":1261.59924,"d":"1261.6"},"SQ FT",{"v":12.5,"d":"12.50"},{"v":15769.9905,"d":"$15,770"}]
[{"$f":"IF(D29=\"\",\"\",COUNTA(($D$8:D29)))","v":18},"A2.1.11","GLAZED WALL TILE (GWT) ON (1215) TOILET WALLS",{"v":1306.0649400000002,"d":"1306.1"},"SQ FT",{"v":12.5,"d":"12.50"},{"v":16325.811750000003,"d":"$16,326"}]
[{"$f":"IF(D30=\"\",\"\",COUNTA(($D$8:D30)))","v":19},"A2.1.11","GLAZED WALL TILE (GWT) ON (1213) TOILET WALLS",{"v":1322.9312400000001,"d":"1322.9"},"SQ FT",{"v":12.5,"d":"12.50"},{"v":16536.6405,"d":"$16,537"}]
[{"$f":"IF(D31=\"\",\"\",COUNTA(($D$8:D31)))","v":20},"A2.1.11","GLAZED WALL TILE (GWT) ON (1111) TOILET WALLS",{"v":1327.6844700000001,"d":"1327.7"},"SQ FT",{"v":12.5,"d":"12.50"},{"v":16596.055875000002,"d":"$16,596"}]
[{"$f":"IF(D32=\"\",\"\",COUNTA(($D$8:D32)))","v":21},"A2.1.11","GLAZED WALL TILE (GWT) ON (1109) TOILET WALLS",{"v":1319.25132,"d":"1319.3"},"SQ FT",{"v":12.5,"d":"12.50"},{"v":16490.6415,"d":"$16,491"}]
[{"$f":"IF(D33=\"\",\"\",COUNTA(($D$8:D33)))","v":22},"A2.1.13","GLAZED WALL TILE (GWT) ON (2503) TOILET WALLS",{"v":1259.45262,"d":"1259.5"},"SQ FT",{"v":12.5,"d":"12.50"},{"v":15743.15775,"d":"$15,743"}]
[{"$f":"IF(D34=\"\",\"\",COUNTA(($D$8:D34)))","v":23},"A2.1.13","GLAZED WALL TILE (GWT) ON (2505) TOILET WALLS",{"v":1245.19293,"d":"1245.2"},"SQ FT",{"v":12.5,"d":"12.50"},{"v":15564.911624999999,"d":"$15,565"}]
[{"$f":"IF(D35=\"\",\"\",COUNTA(($D$8:D35)))","v":24},"A2.1.13","GLAZED WALL TILE (GWT) ON (2328D) POTTERY WALLS",{"v":1210.23369,"d":"1210.2"},"SQ FT",{"v":12.5,"d":"12.50"},{"v":15127.921125,"d":"$15,128"}]
[{"$f":"IF(D36=\"\",\"\",COUNTA(($D$8:D36)))","v":25},"A2.1.14","GLAZED WALL TILE (GWT) ON (2211) TOILET WALLS",{"v":1309.59153,"d":"1309.6"},"SQ FT",{"v":12.5,"d":"12.50"},{"v":16369.894124999999,"d":"$16,370"}]
[{"$f":"IF(D37=\"\",\"\",COUNTA(($D$8:D37)))","v":26},"A2.1.14","GLAZED WALL TILE (GWT) ON (2209) TOILET WALLS",{"v":1324.92453,"d":"1324.9"},"SQ FT",{"v":12.5,"d":"12.50"},{"v":16561.556625,"d":"$16,562"}]
[{"$f":"IF(D38=\"\",\"\",COUNTA(($D$8:D38)))","v":27},"A2.1.14","GLAZED WALL TILE (GWT) ON (2115) TOILET WALLS",{"v":1323.69789,"d":"1323.7"},"SQ FT",{"v":12.5,"d":"12.50"},{"v":16546.223625,"d":"$16,546"}]
[{"$f":"IF(D39=\"\",\"\",COUNTA(($D$8:D39)))","v":28},"A2.1.14","GLAZED WALL TILE (GWT) ON (2117) TOILET WALLS",{"v":1330.2910800000002,"d":"1330.3"},"SQ FT",{"v":12.5,"d":"12.50"},{"v":16628.6385,"d":"$16,629"}]
[{"$f":"IF(D40=\"\",\"\",COUNTA(($D$8:D40)))","v":29},"A2.15","GLAZED WALL TILE (GWT)  ON (3503) TOILET WALLS",{"v":1264.35918,"d":"1264.4"},"SQ FT",{"v":12.5,"d":"12.50"},{"v":15804.489749999999,"d":"$15,804"}]
[{"$f":"IF(D41=\"\",\"\",COUNTA(($D$8:D41)))","v":30},"A2.1.15","GLAZED WALL TILE (GWT) ON (3505) TOILET WALLS",{"v":1249.17951,"d":"1249.2"},"SQ FT",{"v":12.5,"d":"12.50"},{"v":15614.743875,"d":"$15,615"}]
[{"$f":"IF(D42=\"\",\"\",COUNTA(($D$8:D42)))","v":31},"A2.1.16","GLAZED WALL TILE (GWT) ON (3123) TOILET WALLS",{"v":1328.91111,"d":"1328.9"},"SQ FT",{"v":12.5,"d":"12.50"},{"v":16611.388875,"d":"$16,611"}]
[{"$f":"IF(D43=\"\",\"\",COUNTA(($D$8:D43)))","v":32},"A2.1.16","GLAZED WALL TILE (GWT) ON (3121) TOILET WALLS",{"v":1326.1511699999999,"d":"1326.2"},"SQ FT",{"v":12.5,"d":"12.50"},{"v":16576.889625,"d":"$16,577"}]
[{"$f":"IF(D44=\"\",\"\",COUNTA(($D$8:D44)))","v":33},"A2.1.16","GLAZED WALL TILE (GWT) ON (3213) TOILET WALLS",{"v":1264.81917,"d":"1264.8"},"SQ FT",{"v":12.5,"d":"12.50"},{"v":15810.239625,"d":"$15,810"}]
[{"$f":"IF(D45=\"\",\"\",COUNTA(($D$8:D45)))","v":34},"A2.1.16","GLAZED WALL TILE (GWT) ON (3211) TOILET WALLS",{"v":1280.1521699999998,"d":"1280.2"},"SQ FT",{"v":12.5,"d":"12.50"},{"v":16001.902124999999,"d":"$16,002"}]
[{"$f":"IF(D46=\"\",\"\",COUNTA(($D$8:D46)))","v":35},"A2.1.17","GLAZED WALL TILE (GWT) ON (4501) TOILET WALLS",{"v":1486.44,"d":"1486.4"},"SQ FT",{"v":12.5,"d":"12.50"},{"v":18580.5,"d":"$18,581"}]
[{"$f":"IF(D47=\"\",\"\",COUNTA(($D$8:D47)))","v":36},"A2.1.17","GLAZED WALL TILE (GWT) ON (4503) TOILET WALLS",{"v":1469.52,"d":"1469.5"},"SQ FT",{"v":12.5,"d":"12.50"},{"v":18369,"d":"$18,369"}]
[{"$f":"IF(D48=\"\",\"\",COUNTA(($D$8:D48)))","v":37},"A2.1.17","GLAZED WALL TILE (GWT) ON (4507) TOILET WALLS",{"v":520.38,"d":"520.4"},"SQ FT",{"v":12.5,"d":"12.50"},{"v":6504.75,"d":"$6,505"}]
[{"$f":"IF(D49=\"\",\"\",COUNTA(($D$8:D49)))","v":38},"A2.1.","GLAZED WALL TILE (GWT) ON (4509) TOILET WALLS",{"v":520.02,"d":"520.0"},"SQ FT",{"v":12.5,"d":"12.50"},{"v":6500.25,"d":"$6,500"}]
[{"$f":"IF(D50=\"\",\"\",COUNTA(($D$8:D50)))","v":39},"A2.1.18","GLAZED WALL TILE (GWT) ON (4114) TOILET WALLS",{"v":1558.6200000000001,"d":"1558.6"},"SQ FT",{"v":12.5,"d":"12.50"},{"v":19482.75,"d":"$19,483"}]
[{"$f":"IF(D51=\"\",\"\",COUNTA(($D$8:D51)))","v":40},"A2.1.18","GLAZED WALL TILE (GWT) ON (4112) TOILET WALLS",{"v":1553.94,"d":"1553.9"},"SQ FT",{"v":12.5,"d":"12.50"},{"v":19424.25,"d":"$19,424"}]
[{"$f":"IF(D52=\"\",\"\",COUNTA(($D$8:D52)))","v":""},null,"FLOOR FINISH"]
[{"$f":"IF(D53=\"\",\"\",COUNTA(($D$8:D53)))","v":""},"A2.1.1","GROUND FLOOR PLAN PART A"]
[{"$f":"IF(D54=\"\",\"\",COUNTA(($D$8:D54)))","v":41},null,"531 VCT FLOOR",545.6,"SQFT",{"v":13,"d":"13.00"},{"v":7092.8,"d":"$7,093"}]
[{"$f":"IF(D55=\"\",\"\",COUNTA(($D$8:D55)))","v":42},null,"533 VCT FLOOR",534.8,"SQFT",{"v":13,"d":"13.00"},{"v":6952.4,"d":"$6,952"}]
[{"$f":"IF(D56=\"\",\"\",COUNTA(($D$8:D56)))","v":43},null,"535 VCT FLOOR",555.7,"SQFT",{"v":13,"d":"13.00"},{"v":7224.1,"d":"$7,224"}]
[{"$f":"IF(D57=\"\",\"\",COUNTA(($D$8:D57)))","v":44},null,"537 VCT FLOOR",533.5,"SQFT",{"v":13,"d":"13.00"},{"v":6935.5,"d":"$6,936"}]
[{"$f":"IF(D58=\"\",\"\",COUNTA(($D$8:D58)))","v":45},null,"540A VCT FLOOR",63.3,"SQFT",{"v":13,"d":"13.00"},{"v":822.9,"d":"$823"}]
[{"$f":"IF(D59=\"\",\"\",COUNTA(($D$8:D59)))","v":46},null,"601 TOILET WALLS CT (CERAMIC TILE)",57.4,"SQFT",{"v":12,"d":"12.00"},{"v":688.8,"d":"$689"}]
[{"$f":"IF(D60=\"\",\"\",COUNTA(($D$8:D60)))","v":47},null,"603 TOILET WALLS CT (CERAMIC TILE)",322.2,"SQFT",{"v":12,"d":"12.00"},{"v":3866.3999999999996,"d":"$3,866"}]
[{"$f":"IF(D61=\"\",\"\",COUNTA(($D$8:D61)))","v":48},null,"605 TOILET WALLS CT (CERAMIC TILE)",312.4,"SQFT",{"v":12,"d":"12.00"},{"v":3748.7999999999997,"d":"$3,749"}]
[{"$f":"IF(D62=\"\",\"\",COUNTA(($D$8:D62)))","v":49},null,"607 AD VCT FLOOR",174.5,"SQFT",{"v":13,"d":"13.00"},{"v":2268.5,"d":"$2,269"}]
[{"$f":"IF(D63=\"\",\"\",COUNTA(($D$8:D63)))","v":50},null,"607A VCT FLOOR",57.8,"SQFT",{"v":13,"d":"13.00"},{"v":751.4,"d":"$751"}]
[{"$f":"IF(D64=\"\",\"\",COUNTA(($D$8:D64)))","v":51},null,"613 RES VCT FLOOR",87.9,"SQFT",{"v":13,"d":"13.00"},{"v":1142.7,"d":"$1,143"}]
[{"$f":"IF(D65=\"\",\"\",COUNTA(($D$8:D65)))","v":52},null,"615 TRAINING VCT FLOOR.CT (CERAMIC TILE)",335.4,"SQFT",{"v":13,"d":"13.00"},{"v":4360.2,"d":"$4,360"}]
[{"$f":"IF(D66=\"\",\"\",COUNTA(($D$8:D66)))","v":53},null,"708 TEAM VCT FLOOR",49.8,"SQFT",{"v":13,"d":"13.00"},{"v":647.4,"d":"$647"}]
[{"$f":"IF(D67=\"\",\"\",COUNTA(($D$8:D67)))","v":54},null,"708 TEAM VCT FLOOR",949.3,"SQFT",{"v":13,"d":"13.00"},{"v":12340.9,"d":"$12,341"}]
[{"$f":"IF(D68=\"\",\"\",COUNTA(($D$8:D68)))","v":55},null,"718 LAUNDRY VCT FLOOR",180.6,"SQFT",{"v":13,"d":"13.00"},{"v":2347.7999999999997,"d":"$2,348"}]
[{"$f":"IF(D69=\"\",\"\",COUNTA(($D$8:D69)))","v":56},null,"606 A STORE VCT FLOOR",67.6,"SQFT",{"v":13,"d":"13.00"},{"v":878.8,"d":"$879"}]
[{"$f":"IF(D70=\"\",\"\",COUNTA(($D$8:D70)))","v":57},null,"609 TICKET VCT FLOOR",{"v":72,"d":"72.0"},"SQFT",{"v":13,"d":"13.00"},{"v":936,"d":"$936"}]
[{"$f":"IF(D71=\"\",\"\",COUNTA(($D$8:D71)))","v":58},null,"524 CORR VCT FLOOR",{"v":1266,"d":"1266.0"},"SQFT",{"v":13,"d":"13.00"},{"v":16458,"d":"$16,458"}]
[{"$f":"IF(D72=\"\",\"\",COUNTA(($D$8:D72)))","v":59},null,"540 CORR VCT FLOOR",92.8,"SQFT",{"v":13,"d":"13.00"},{"v":1206.3999999999999,"d":"$1,206"}]
[{"$f":"IF(D73=\"\",\"\",COUNTA(($D$8:D73)))","v":60},null,"600 CORR VCT FLOOR",296.1,"SQFT",{"v":13,"d":"13.00"},{"v":3849.3,"d":"$3,849"}]
[{"$f":"IF(D74=\"\",\"\",COUNTA(($D$8:D74)))","v":61},null,"606 COLNCESS VCT FLOOR",389.3,"SQFT",{"v":13,"d":"13.00"},{"v":5060.900000000001,"d":"$5,061"}]
[{"$f":"IF(D75=\"\",\"\",COUNTA(($D$8:D75)))","v":62},null,"600A VEST   VCT FLOOR",179.9,"SQFT",{"v":13,"d":"13.00"},{"v":2338.7000000000003,"d":"$2,339"}]
[{"$f":"IF(D76=\"\",\"\",COUNTA(($D$8:D76)))","v":""}]
[{"$f":"IF(D77=\"\",\"\",COUNTA(($D$8:D77)))","v":""},null,"GROUND FLOOR PLAN PART B"]
[{"$f":"IF(D78=\"\",\"\",COUNTA(($D$8:D78)))","v":63},"A2.1.2","804 STAFF DINING VCT FLOOR",293.7,"SQFT",{"v":13,"d":"13.00"},{"v":3818.1,"d":"$3,818"}]
[{"$f":"IF(D79=\"\",\"\",COUNTA(($D$8:D79)))","v":64},null,"802 STAFF DINING VCT FLOOR",293.3,"SQFT",{"v":13,"d":"13.00"},{"v":3812.9,"d":"$3,813"}]
[{"$f":"IF(D80=\"\",\"\",COUNTA(($D$8:D80)))","v":65},null,"738 CORR VCT FLOOR",1639.6,"SQFT",{"v":13,"d":"13.00"},{"v":21314.8,"d":"$21,315"}]
[{"$f":"IF(D81=\"\",\"\",COUNTA(($D$8:D81)))","v":66},null,"521B TOIL CT (CERAMIC TILE)",86.3,"SQFT",{"v":12,"d":"12.00"},{"v":1035.6,"d":"$1,036"}]
[{"$f":"IF(D82=\"\",\"\",COUNTA(($D$8:D82)))","v":""}]
[{"$f":"IF(D83=\"\",\"\",COUNTA(($D$8:D83)))","v":""},null,"GROUND FLOOR PLAN PART C "]
[{"$f":"IF(D84=\"\",\"\",COUNTA(($D$8:D84)))","v":67},"A2.1.3","733 TOIL   CT (CERAMIC TILE)",378.2,"SQFT",{"v":12,"d":"12.00"},{"$f":"D84*F84","v":{"v":4538.4,"d":"$4,538"}}]
[{"$f":"IF(D85=\"\",\"\",COUNTA(($D$8:D85)))","v":68},null,"731B COACH  VCT FLOOR",144.8,"SQFT",{"v":13,"d":"13.00"},{"v":1882.4,"d":"$1,882"}]
[{"$f":"IF(D86=\"\",\"\",COUNTA(($D$8:D86)))","v":69},null,"731C TOWEL  VCT FLOOR",{"v":41,"d":"41.0"},"SQFT",{"v":13,"d":"13.00"},{"v":533,"d":"$533"}]
[{"$f":"IF(D87=\"\",\"\",COUNTA(($D$8:D87)))","v":70},null,"731 LOCKER  VCT FLOOR",1618.3,"SQFT",{"v":13,"d":"13.00"},{"v":21037.899999999998,"d":"$21,038"}]
[{"$f":"IF(D88=\"\",\"\",COUNTA(($D$8:D88)))","v":71},null,"731A  VEST   VCT FLOOR",72.5,"SQFT",{"v":13,"d":"13.00"},{"v":942.5,"d":"$943"}]
[{"$f":"IF(D89=\"\",\"\",COUNTA(($D$8:D89)))","v":72},null,"731D  T/S  CT (CERAMIC TILE)",72.3,"SQFT",{"v":12,"d":"12.00"},{"v":867.5999999999999,"d":"$868"}]
[{"$f":"IF(D90=\"\",\"\",COUNTA(($D$8:D90)))","v":73},null,"729 P.E. OFFICE  VCT FLOOR",477.5,"SQFT",{"v":13,"d":"13.00"},{"v":6207.5,"d":"$6,208"}]
[{"$f":"IF(D91=\"\",\"\",COUNTA(($D$8:D91)))","v":74},null,"727 PLAN   VCT FLOOR",192.5,"SQFT",{"v":13,"d":"13.00"},{"v":2502.5,"d":"$2,503"}]
[{"$f":"IF(D92=\"\",\"\",COUNTA(($D$8:D92)))","v":75},null,"725 PE.OFFICE.   VCT FLOOR",482.6,"SQFT",{"v":13,"d":"13.00"},{"v":6273.8,"d":"$6,274"}]
[{"$f":"IF(D93=\"\",\"\",COUNTA(($D$8:D93)))","v":76},null,"723B T/S   CT (CERAMIC TILE)",79.5,"SQFT",{"v":12,"d":"12.00"},{"v":954,"d":"$954"}]
[{"$f":"IF(D94=\"\",\"\",COUNTA(($D$8:D94)))","v":77},null,"723A VEST   VCT FLOOR",97.7,"SQFT",{"v":13,"d":"13.00"},{"v":1270.1000000000001,"d":"$1,270"}]
[{"$f":"IF(D95=\"\",\"\",COUNTA(($D$8:D95)))","v":78},null,"723C COACH VCT FLOOR",145.9,"SQFT",{"v":13,"d":"13.00"},{"v":1896.7,"d":"$1,897"}]
[{"$f":"IF(D96=\"\",\"\",COUNTA(($D$8:D96)))","v":79},null,"723D TOWEL  VCT FLOOR",41.7,"SQFT",{"v":13,"d":"13.00"},{"v":542.1,"d":"$542"}]
[{"$f":"IF(D97=\"\",\"\",COUNTA(($D$8:D97)))","v":80},null,"721 TOIL  CT (CERAMIC TILE)",386.4,"SQFT",{"v":12,"d":"12.00"},{"v":4636.799999999999,"d":"$4,637"}]
[{"$f":"IF(D98=\"\",\"\",COUNTA(($D$8:D98)))","v":81},null,"717 REF   VCT FLOOR",206.1,"SQFT",{"v":13,"d":"13.00"},{"v":2679.2999999999997,"d":"$2,679"}]
[{"$f":"IF(D99=\"\",\"\",COUNTA(($D$8:D99)))","v":82},null,"711 TEAM   VCT FLOOR",292.6,"SQFT",{"v":13,"d":"13.00"},{"v":3803.8,"d":"$3,804"}]
[{"$f":"IF(D100=\"\",\"\",COUNTA(($D$8:D100)))","v":83},null,"709 TEAM   VCT FLOOR",477.1,"SQFT",{"v":13,"d":"13.00"},{"v":6202.3,"d":"$6,202"}]
[{"$f":"IF(D101=\"\",\"\",COUNTA(($D$8:D101)))","v":84},null,"701 TICKET BOOTH   VCT FLOOR",114.2,"SQFT",{"v":13,"d":"13.00"},{"v":1484.6000000000001,"d":"$1,485"}]
[{"$f":"IF(D102=\"\",\"\",COUNTA(($D$8:D102)))","v":85},null,"723E  STORAGE  VCT FLOOR",151.6,"SQFT",{"v":13,"d":"13.00"},{"v":1970.8,"d":"$1,971"}]
[{"$f":"IF(D103=\"\",\"\",COUNTA(($D$8:D103)))","v":86},null,"723 LOCKER  VCT FLOOR",1608.4,"SQFT",{"v":13,"d":"13.00"},{"v":20909.2,"d":"$20,909"}]
[{"$f":"IF(D104=\"\",\"\",COUNTA(($D$8:D104)))","v":87},null,"726 CORRIDOOR  VCT FLOOR",828.2,"SQFT",{"v":13,"d":"13.00"},{"v":10766.6,"d":"$10,767"}]
[{"$f":"IF(D105=\"\",\"\",COUNTA(($D$8:D105)))","v":88},null,"700 CORR   VCT FLOOR",336.6,"SQFT",{"v":13,"d":"13.00"},{"v":4375.8,"d":"$4,376"}]
[{"$f":"IF(D106=\"\",\"\",COUNTA(($D$8:D106)))","v":89},null,"741 KITCHEN  QUERRY TILE (QT) ",1895.1,"SQFT",{"v":12,"d":"12.00"},{"v":22741.199999999997,"d":"$22,741"}]
[{"$f":"IF(D107=\"\",\"\",COUNTA(($D$8:D107)))","v":""}]
[{"$f":"IF(D108=\"\",\"\",COUNTA(($D$8:D108)))","v":""},null,"GROUND FLOOR PLAN PART C.1"]
[{"$f":"IF(D109=\"\",\"\",COUNTA(($D$8:D109)))","v":90},"A2.1.3","741D BS   QUERRY TILE (QT) ",87.2,"SQFT",{"v":12,"d":"12.00"},{"v":1046.4,"d":"$1,046"}]
[{"$f":"IF(D110=\"\",\"\",COUNTA(($D$8:D110)))","v":91},null,"741E LKR    VCT FLOOR",58.2,"SQFT",{"v":13,"d":"13.00"},{"v":756.6,"d":"$757"}]
[{"$f":"IF(D111=\"\",\"\",COUNTA(($D$8:D111)))","v":92},null,"741F TOIL  CT (CERAMIC TILE)",73.4,"SQFT",{"v":12,"d":"12.00"},{"v":880.8000000000001,"d":"$881"}]
[{"$f":"IF(D112=\"\",\"\",COUNTA(($D$8:D112)))","v":93},null,"738 CORR.  VCT FLOOR",876.7,"SQFT",{"v":13,"d":"13.00"},{"v":11397.1,"d":"$11,397"}]
[{"$f":"IF(D113=\"\",\"\",COUNTA(($D$8:D113)))","v":94},null,"739 CORR.  VCT FLOOR",596.3,"SQFT",{"v":13,"d":"13.00"},{"v":7751.9,"d":"$7,752"}]
[{"$f":"IF(D114=\"\",\"\",COUNTA(($D$8:D114)))","v":95},null,"741B DRY.STOR.    QUERRY TILE (QT) ",411.1,"SQFT",{"v":12,"d":"12.00"},{"v":4933.200000000001,"d":"$4,933"}]
[{"$f":"IF(D115=\"\",\"\",COUNTA(($D$8:D115)))","v":96},null,"741A OFF  VCT FLOOR",96.7,"SQFT",{"v":13,"d":"13.00"},{"v":1257.1000000000001,"d":"$1,257"}]
[{"$f":"IF(D116=\"\",\"\",COUNTA(($D$8:D116)))","v":97},null,"739A VEST   VCT FLOOR",113.7,"SQFT",{"v":13,"d":"13.00"},{"v":1478.1000000000001,"d":"$1,478"}]
[{"$f":"IF(D117=\"\",\"\",COUNTA(($D$8:D117)))","v":98},null,"700A VEST VCT FLOOR",56.4,"SQFT",{"v":13,"d":"13.00"},{"v":733.1999999999999,"d":"$733"}]
[{"$f":"IF(D118=\"\",\"\",COUNTA(($D$8:D118)))","v":""}]
[{"$f":"IF(D119=\"\",\"\",COUNTA(($D$8:D119)))","v":""},null,"GROUND FLOOR PART D"]
[{"$f":"IF(D120=\"\",\"\",COUNTA(($D$8:D120)))","v":99},"A2.1.4","913C OFFICE   VCT FLOOR",118.6,"SQFT",{"v":13,"d":"13.00"},{"v":1541.8,"d":"$1,542"}]
[{"$f":"IF(D121=\"\",\"\",COUNTA(($D$8:D121)))","v":100},null,"913D LOCKER VCT FLOOR",54.8,"SQFT",{"v":13,"d":"13.00"},{"v":712.4,"d":"$712"}]
[{"$f":"IF(D122=\"\",\"\",COUNTA(($D$8:D122)))","v":101},null,"913E LOCKER  VCT FLOOR",{"v":279,"d":"279.0"},"SQFT",{"v":13,"d":"13.00"},{"v":3627,"d":"$3,627"}]
[{"$f":"IF(D123=\"\",\"\",COUNTA(($D$8:D123)))","v":102},null,"913F CLASSROOM   VCT FLOOR",547.4,"SQFT",{"v":13,"d":"13.00"},{"v":7116.2,"d":"$7,116"}]
[{"$f":"IF(D124=\"\",\"\",COUNTA(($D$8:D124)))","v":103},null,"913G TOOLS  EPOXY FLOOR ENAMEL",602.1,"SQFT",{"v":18,"d":"18.00"},{"v":10837.800000000001,"d":"$10,838"}]
[{"$f":"IF(D125=\"\",\"\",COUNTA(($D$8:D125)))","v":104},null,"906 OFFICE   VCT FLOOR",102.3,"SQFT",{"v":13,"d":"13.00"},{"v":1329.8999999999999,"d":"$1,330"}]
[{"$f":"IF(D126=\"\",\"\",COUNTA(($D$8:D126)))","v":105},null,"908 OFFICE  VCT FLOOR",120.8,"SQFT",{"v":13,"d":"13.00"},{"v":1570.3999999999999,"d":"$1,570"}]
[{"$f":"IF(D127=\"\",\"\",COUNTA(($D$8:D127)))","v":106},null,"914 TOIL   CT (CERAMIC TILE)",64.3,"SQFT",{"v":12,"d":"12.00"},{"v":771.5999999999999,"d":"$772"}]
[{"$f":"IF(D128=\"\",\"\",COUNTA(($D$8:D128)))","v":107},null,"916 TOIL  CT (CERAMIC TILE)",{"v":91,"d":"91.0"},"SQFT",{"v":12,"d":"12.00"},{"v":1092,"d":"$1,092"}]
[{"$f":"IF(D129=\"\",\"\",COUNTA(($D$8:D129)))","v":108},null,"918 C0STUME CONST.  VCT FLOOR",199.3,"SQFT",{"v":13,"d":"13.00"},{"v":2590.9,"d":"$2,591"}]
[{"$f":"IF(D130=\"\",\"\",COUNTA(($D$8:D130)))","v":109},null,"917 OFFICE  VCT FLOOR",88.1,"SQFT",{"v":13,"d":"13.00"},{"v":1145.3,"d":"$1,145"}]
[{"$f":"IF(D131=\"\",\"\",COUNTA(($D$8:D131)))","v":110},null,"915 CORR.  VCT FLOOR",351.9,"SQFT",{"v":13,"d":"13.00"},{"v":4574.7,"d":"$4,575"}]
[{"$f":"IF(D132=\"\",\"\",COUNTA(($D$8:D132)))","v":111},null,"915 A VEST   VCT FLOOR",62.4,"SQFT",{"v":13,"d":"13.00"},{"v":811.1999999999999,"d":"$811"}]
[{"$f":"IF(D133=\"\",\"\",COUNTA(($D$8:D133)))","v":112},null,"900 CORR.  VCT FLOOR",1742.7,"SQFT",{"v":13,"d":"13.00"},{"v":22655.100000000002,"d":"$22,655"}]
[{"$f":"IF(D134=\"\",\"\",COUNTA(($D$8:D134)))","v":113},null," 750 PIT ACCESS  VCT FLOOR/RFT TREADS AND RISERS",86.1,"SQFT",{"v":13,"d":"13.00"},{"v":1119.3,"d":"$1,119"}]
[{"$f":"IF(D135=\"\",\"\",COUNTA(($D$8:D135)))","v":114},null,"801H VESTIBULE  VCT FLOOR",61.5,"SQFT",{"v":13,"d":"13.00"},{"v":799.5,"d":"$800"}]
[{"$f":"IF(D136=\"\",\"\",COUNTA(($D$8:D136)))","v":115},null,"801G  STORE  VCT FLOOR",29.8,"SQFT",{"v":13,"d":"13.00"},{"v":387.40000000000003,"d":"$387"}]
[{"$f":"IF(D137=\"\",\"\",COUNTA(($D$8:D137)))","v":116},null,"801F LIFT ACCESS   C",47.5,"SQFT",{"v":15,"d":"15.00"},{"v":712.5,"d":"$713"}]
[{"$f":"IF(D138=\"\",\"\",COUNTA(($D$8:D138)))","v":117},null,"801E VEST   VCT FLOOR",58.8,"SQFT",{"v":13,"d":"13.00"},{"v":764.4,"d":"$764"}]
[{"$f":"IF(D139=\"\",\"\",COUNTA(($D$8:D139)))","v":118},null,"746 CORR.  VCT FLOOR",1079.8,"SQFT",{"v":13,"d":"13.00"},{"v":14037.4,"d":"$14,037"}]
[{"$f":"IF(D140=\"\",\"\",COUNTA(($D$8:D140)))","v":119},null,"801D VEST   C",{"v":42,"d":"42.0"},"SQFT",{"v":15,"d":"15.00"},{"v":630,"d":"$630"}]
[{"$f":"IF(D141=\"\",\"\",COUNTA(($D$8:D141)))","v":120},null,"801C  RAMP  RFT/C",174.7,"SQFT",{"v":15,"d":"15.00"},{"v":2620.5,"d":"$2,621"}]
[{"$f":"IF(D142=\"\",\"\",COUNTA(($D$8:D142)))","v":121},null,"503 MAKRUP  VCT FLOOR",187.2,"SQFT",{"v":13,"d":"13.00"},{"v":2433.6,"d":"$2,434"}]
[{"$f":"IF(D143=\"\",\"\",COUNTA(($D$8:D143)))","v":122},null,"501 DRESS  VCT FLOOR",210.8,"SQFT",{"v":13,"d":"13.00"},{"v":2740.4,"d":"$2,740"}]
[{"$f":"IF(D144=\"\",\"\",COUNTA(($D$8:D144)))","v":123},null,"501A TOIL  CT",66.1,"SQFT",{"v":12,"d":"12.00"},{"v":793.1999999999999,"d":"$793"}]
[{"$f":"IF(D145=\"\",\"\",COUNTA(($D$8:D145)))","v":124},null,"505A  TOIL  CT",65.8,"SQFT",{"v":12,"d":"12.00"},{"v":789.5999999999999,"d":"$790"}]
[{"$f":"IF(D146=\"\",\"\",COUNTA(($D$8:D146)))","v":125},null,"505 DRESS  VCT FLOOR",{"v":225,"d":"225.0"},"SQFT",{"v":13,"d":"13.00"},{"v":2925,"d":"$2,925"}]
[{"$f":"IF(D147=\"\",\"\",COUNTA(($D$8:D147)))","v":126},null,"501B COSTUME ST.  VCT FLOOR",232.8,"SQFT",{"v":13,"d":"13.00"},{"v":3026.4,"d":"$3,026"}]
[{"$f":"IF(D148=\"\",\"\",COUNTA(($D$8:D148)))","v":127},null,"515 TOILET WALLS  CT",613.5,"SQFT",{"v":12,"d":"12.00"},{"$f":"D148*F148","v":{"v":7362,"d":"$7,362"}}]
[{"$f":"IF(D149=\"\",\"\",COUNTA(($D$8:D149)))","v":128},null,"517 TOIL  CT",63.8,"SQFT",{"v":12,"d":"12.00"},{"v":765.5999999999999,"d":"$766"}]
[{"$f":"IF(D150=\"\",\"\",COUNTA(($D$8:D150)))","v":129},null,"509 CORR.  VCT FLOOR",295.8,"SQFT",{"v":13,"d":"13.00"},{"v":3845.4,"d":"$3,845"}]
[{"$f":"IF(D151=\"\",\"\",COUNTA(($D$8:D151)))","v":130},null,"500 CORR.  VCT FLOOR",1048.4,"SQFT",{"v":13,"d":"13.00"},{"v":13629.2,"d":"$13,629"}]
[{"$f":"IF(D152=\"\",\"\",COUNTA(($D$8:D152)))","v":131},null,"801 B VEST  VCT FLOOR",108.6,"SQFT",{"v":13,"d":"13.00"},{"v":1411.8,"d":"$1,412"}]
[{"$f":"IF(D153=\"\",\"\",COUNTA(($D$8:D153)))","v":132},null,"809 TOILET WALLS  CT",{"v":634,"d":"634.0"},"SQFT",{"v":12,"d":"12.00"},{"v":7608,"d":"$7,608"}]
[{"$f":"IF(D154=\"\",\"\",COUNTA(($D$8:D154)))","v":133},null,"807 STORE  VCT FLOOR",284.5,"SQFT",{"v":13,"d":"13.00"},{"v":3698.5,"d":"$3,699"}]
[{"$f":"IF(D155=\"\",\"\",COUNTA(($D$8:D155)))","v":134},null,"805 CONC.  VCT FLOOR",181.8,"SQFT",{"v":13,"d":"13.00"},{"v":2363.4,"d":"$2,363"}]
[{"$f":"IF(D156=\"\",\"\",COUNTA(($D$8:D156)))","v":135},null,"803 TICKET  VCT FLOOR",63.9,"SQFT",{"v":13,"d":"13.00"},{"v":830.6999999999999,"d":"$831"}]
[{"$f":"IF(D157=\"\",\"\",COUNTA(($D$8:D157)))","v":136},null,"801J VEST  VCT FLOOR",108.2,"SQFT",{"v":13,"d":"13.00"},{"v":1406.6000000000001,"d":"$1,407"}]
[{"$f":"IF(D158=\"\",\"\",COUNTA(($D$8:D158)))","v":137},null,"913 AUTO LAB EPOXY FLOOR ENAMEL",4893.4,"SQFT",{"v":18,"d":"18.00"},{"v":88081.2,"d":"$88,081"}]
[{"$f":"IF(D159=\"\",\"\",COUNTA(($D$8:D159)))","v":""}]
[{"$f":"IF(D160=\"\",\"\",COUNTA(($D$8:D160)))","v":""},null,"GOUND FLOOR PLAN PART E"]
[{"$f":"IF(D161=\"\",\"\",COUNTA(($D$8:D161)))","v":138},"A2.1.5","901 DRAMA VCT FLOOR",891.4,"SQFT",{"v":13,"d":"13.00"},{"v":11588.199999999999,"d":"$11,588"}]
[{"$f":"IF(D162=\"\",\"\",COUNTA(($D$8:D162)))","v":139},null,"755E PERC.STOR  VCT FLOOR",140.7,"SQFT",{"v":13,"d":"13.00"},{"v":1829.1,"d":"$1,829"}]
[{"$f":"IF(D163=\"\",\"\",COUNTA(($D$8:D163)))","v":140},null,"755D INST.STOR.  VCT FLOOR",465.2,"SQFT",{"v":13,"d":"13.00"},{"v":6047.599999999999,"d":"$6,048"}]
[{"$f":"IF(D164=\"\",\"\",COUNTA(($D$8:D164)))","v":141},null,"755 INST.MUSIC VCT FLOOR",1836.2,"SQFT",{"v":13,"d":"13.00"},{"v":23870.600000000002,"d":"$23,871"}]
[{"$f":"IF(D165=\"\",\"\",COUNTA(($D$8:D165)))","v":142},null,"753C OFFICE VCT FLOOR",{"v":405,"d":"405.0"},"SQFT",{"v":13,"d":"13.00"},{"v":5265,"d":"$5,265"}]
[{"$f":"IF(D166=\"\",\"\",COUNTA(($D$8:D166)))","v":143},null,"753D STORAGE   VCT FLOOR",312.8,"SQFT",{"v":13,"d":"13.00"},{"v":4066.4,"d":"$4,066"}]
[{"$f":"IF(D167=\"\",\"\",COUNTA(($D$8:D167)))","v":144},null,"755C STORAGE  VCT FLOOR",187.5,"SQFT",{"v":13,"d":"13.00"},{"v":2437.5,"d":"$2,438"}]
[{"$f":"IF(D168=\"\",\"\",COUNTA(($D$8:D168)))","v":145},null,"753 CHORAL  VCT FLOOR",1850.6,"SQFT",{"v":13,"d":"13.00"},{"v":24057.8,"d":"$24,058"}]
[{"$f":"IF(D169=\"\",\"\",COUNTA(($D$8:D169)))","v":146},null,"751 KEYBOARD   VCT FLOOR",871.1,"SQFT",{"v":13,"d":"13.00"},{"v":11324.300000000001,"d":"$11,324"}]
[{"$f":"IF(D170=\"\",\"\",COUNTA(($D$8:D170)))","v":147},null,"745 OFFICE    VCT FLOOR",139.8,"SQFT",{"v":13,"d":"13.00"},{"v":1817.4,"d":"$1,817"}]
[{"$f":"IF(D171=\"\",\"\",COUNTA(($D$8:D171)))","v":148},null,"743 BS. STAFF   VCT FLOOR",184.9,"SQFT",{"v":13,"d":"13.00"},{"v":2403.7000000000003,"d":"$2,404"}]
[{"$f":"IF(D172=\"\",\"\",COUNTA(($D$8:D172)))","v":149},null,"743A  LKR   VCT FLOOR",{"v":82,"d":"82.0"},"SQFT",{"v":13,"d":"13.00"},{"v":1066,"d":"$1,066"}]
[{"$f":"IF(D173=\"\",\"\",COUNTA(($D$8:D173)))","v":150},null,"743B TOIL  CT",75.7,"SQFT",{"v":12,"d":"12.00"},{"v":908.4000000000001,"d":"$908"}]
[{"$f":"IF(D174=\"\",\"\",COUNTA(($D$8:D174)))","v":151},null,"741F TOIL  CT",74.1,"SQFT",{"v":12,"d":"12.00"},{"v":889.1999999999999,"d":"$889"}]
[{"$f":"IF(D175=\"\",\"\",COUNTA(($D$8:D175)))","v":152},null,"741E LKR   VCT FLOOR",58.3,"SQFT",{"v":13,"d":"13.00"},{"v":757.9,"d":"$758"}]
[{"$f":"IF(D176=\"\",\"\",COUNTA(($D$8:D176)))","v":153},null,"741D BS   QUERRY TILE (QT) ",86.9,"SQFT",{"v":12,"d":"12.00"},{"v":1042.8000000000002,"d":"$1,043"}]
[{"$f":"IF(D177=\"\",\"\",COUNTA(($D$8:D177)))","v":154},null,"913G TOOLS    EPOXY FLOOR ENAMEL",465.5,"SQFT",{"v":18,"d":"18.00"},{"v":8379,"d":"$8,379"}]
[{"$f":"IF(D178=\"\",\"\",COUNTA(($D$8:D178)))","v":155},null,"746 CORR  VCT FLOOR",1467.2,"SQFT",{"v":13,"d":"13.00"},{"v":19073.600000000002,"d":"$19,074"}]
[{"$f":"IF(D179=\"\",\"\",COUNTA(($D$8:D179)))","v":156},null,"900 CORR.  VCT FLOOR",597.8,"SQFT",{"v":13,"d":"13.00"},{"v":7771.4,"d":"$7,771"}]
[{"$f":"IF(D180=\"\",\"\",COUNTA(($D$8:D180)))","v":""}]
[{"$f":"IF(D181=\"\",\"\",COUNTA(($D$8:D181)))","v":""},null,"FIRST FLOOR PLAN PART A"]
[{"$f":"IF(D182=\"\",\"\",COUNTA(($D$8:D182)))","v":157},"A2.1.6","1535C TOIL CT",59.6,"SQFT",{"v":12,"d":"12.00"},{"v":715.2,"d":"$715"}]
[{"$f":"IF(D183=\"\",\"\",COUNTA(($D$8:D183)))","v":158},null,"1535F ISO VCT FLOOR",121.9,"SQFT",{"v":13,"d":"13.00"},{"v":1584.7,"d":"$1,585"}]
[{"$f":"IF(D184=\"\",\"\",COUNTA(($D$8:D184)))","v":159},null,"1535G NURSE VCT FLOOR",144.2,"SQFT",{"v":13,"d":"13.00"},{"v":1874.6,"d":"$1,875"}]
[{"$f":"IF(D185=\"\",\"\",COUNTA(($D$8:D185)))","v":160},null,"1535B TOIL CT",61.2,"SQFT",{"v":12,"d":"12.00"},{"v":734.4000000000001,"d":"$734"}]
[{"$f":"IF(D186=\"\",\"\",COUNTA(($D$8:D186)))","v":161},null,"1535D CLOS VCT FLOOR",45.6,"SQFT",{"v":13,"d":"13.00"},{"v":592.8000000000001,"d":"$593"}]
[{"$f":"IF(D187=\"\",\"\",COUNTA(($D$8:D187)))","v":162},null,"1540 TOIL CT",172.1,"SQFT",{"v":12,"d":"12.00"},{"v":2065.2,"d":"$2,065"}]
[{"$f":"IF(D188=\"\",\"\",COUNTA(($D$8:D188)))","v":163},null,"1542 TOIL CT",171.4,"SQFT",{"v":12,"d":"12.00"},{"v":2056.8,"d":"$2,057"}]
[{"$f":"IF(D189=\"\",\"\",COUNTA(($D$8:D189)))","v":164},null,"1538 PTA STOR VCT FLOOR",203.8,"SQFT",{"v":13,"d":"13.00"},{"v":2649.4,"d":"$2,649"}]
[{"$f":"IF(D190=\"\",\"\",COUNTA(($D$8:D190)))","v":165},null,"1536 STAFF ROOM VCT FLOOR",596.5,"SQFT",{"v":13,"d":"13.00"},{"v":7754.5,"d":"$7,755"}]
[{"$f":"IF(D191=\"\",\"\",COUNTA(($D$8:D191)))","v":166},null,"1536A TEL VCT FLOOR",{"v":40,"d":"40.0"},"SQFT",{"v":13,"d":"13.00"},{"v":520,"d":"$520"}]
[{"$f":"IF(D192=\"\",\"\",COUNTA(($D$8:D192)))","v":167},null,"1530A CLOS VCT FLOOR",60.1,"SQFT",{"v":13,"d":"13.00"},{"v":781.3000000000001,"d":"$781"}]
[{"$f":"IF(D193=\"\",\"\",COUNTA(($D$8:D193)))","v":168},null,"1534 TOIL CT",57.3,"SQFT",{"v":12,"d":"12.00"},{"v":687.5999999999999,"d":"$688"}]
[{"$f":"IF(D194=\"\",\"\",COUNTA(($D$8:D194)))","v":169},null,"1532 TOIL CT",57.1,"SQFT",{"v":12,"d":"12.00"},{"v":685.2,"d":"$685"}]
[{"$f":"IF(D195=\"\",\"\",COUNTA(($D$8:D195)))","v":170},null,"1530 SECURITY VCT FLOOR",505.9,"SQFT",{"v":13,"d":"13.00"},{"v":6576.7,"d":"$6,577"}]
[{"$f":"IF(D196=\"\",\"\",COUNTA(($D$8:D196)))","v":171},null,"1528 STOR VCT FLOOR",{"v":143,"d":"143.0"},"SQFT",{"v":13,"d":"13.00"},{"v":1859,"d":"$1,859"}]
[{"$f":"IF(D197=\"\",\"\",COUNTA(($D$8:D197)))","v":172},null,"1526 I.S.S. VCT FLOOR",796.5,"SQFT",{"v":13,"d":"13.00"},{"v":10354.5,"d":"$10,355"}]
[{"$f":"IF(D198=\"\",\"\",COUNTA(($D$8:D198)))","v":173},null,"1600A VEST VCT FLOOR",90.4,"SQFT",{"v":13,"d":"13.00"},{"v":1175.2,"d":"$1,175"}]
[{"$f":"IF(D199=\"\",\"\",COUNTA(($D$8:D199)))","v":174},null,"1600 CORR VCT FLOOR",1027.5,"SQFT",{"v":13,"d":"13.00"},{"v":13357.5,"d":"$13,358"}]
[{"$f":"IF(D200=\"\",\"\",COUNTA(($D$8:D200)))","v":175},null,"1531 CORR VCT FLOOR",1978.3,"SQFT",{"v":13,"d":"13.00"},{"v":25717.899999999998,"d":"$25,718"}]
[{"$f":"IF(D201=\"\",\"\",COUNTA(($D$8:D201)))","v":176},null,"1610 UNIFORM VCT FLOOR",553.7,"SQFT",{"v":13,"d":"13.00"},{"v":7198.1,"d":"$7,198"}]
[{"$f":"IF(D202=\"\",\"\",COUNTA(($D$8:D202)))","v":177},null,"1704 ARMORY VCT FLOOR",461.4,"SQFT",{"v":13,"d":"13.00"},{"v":5998.2,"d":"$5,998"}]
[{"$f":"IF(D203=\"\",\"\",COUNTA(($D$8:D203)))","v":178},null,"1700 CORR VCT FLOOR",{"v":1649,"d":"1649.0"},"SQFT",{"v":13,"d":"13.00"},{"v":21437,"d":"$21,437"}]
[{"$f":"IF(D204=\"\",\"\",COUNTA(($D$8:D204)))","v":179},null,"1613A STORAGE VCT FLOOR",142.1,"SQFT",{"v":13,"d":"13.00"},{"v":1847.3,"d":"$1,847"}]
[{"$f":"IF(D205=\"\",\"\",COUNTA(($D$8:D205)))","v":180},null,"1613 FITNESS VCT FLOOR",350.9,"SQFT",{"v":13,"d":"13.00"},{"v":4561.7,"d":"$4,562"}]
[{"$f":"IF(D206=\"\",\"\",COUNTA(($D$8:D206)))","v":181},null,"1611 HEALTH VCT FLOOR",908.4,"SQFT",{"v":13,"d":"13.00"},{"v":11809.199999999999,"d":"$11,809"}]
[{"$f":"IF(D207=\"\",\"\",COUNTA(($D$8:D207)))","v":182},null,"1607 HEALTH VCT FLOOR",863.5,"SQFT",{"v":13,"d":"13.00"},{"v":11225.5,"d":"$11,226"}]
[{"$f":"IF(D208=\"\",\"\",COUNTA(($D$8:D208)))","v":183},null,"1605 SP ED COM CAR RES VCT FLOOR",740.1,"SQFT",{"v":13,"d":"13.00"},{"v":9621.300000000001,"d":"$9,621"}]
[{"$f":"IF(D209=\"\",\"\",COUNTA(($D$8:D209)))","v":184},null,"1601 TEAM TEST VCT FLOOR",1387.5,"SQFT",{"v":13,"d":"13.00"},{"$f":"D209*F209","v":{"v":18037.5,"d":"$18,038"}}]
[{"$f":"IF(D210=\"\",\"\",COUNTA(($D$8:D210)))","v":185},null,"1604 CORR.  VCT FLOOR",1322.6,"SQFT",{"v":13,"d":"13.00"},{"v":17193.8,"d":"$17,194"}]
[{"$f":"IF(D211=\"\",\"\",COUNTA(($D$8:D211)))","v":186},null,"1535E REST VCT FLOOR",{"v":185,"d":"185.0"},"SQFT",{"v":13,"d":"13.00"},{"v":2405,"d":"$2,405"}]
[{"$f":"IF(D212=\"\",\"\",COUNTA(($D$8:D212)))","v":187},null,"1535 CLINIC  VCT FLOOR",{"v":256,"d":"256.0"},"SQFT",{"v":13,"d":"13.00"},{"v":3328,"d":"$3,328"}]
[{"$f":"IF(D213=\"\",\"\",COUNTA(($D$8:D213)))","v":188},null,"1535A  WAIT VCT FLOOR",306.9,"SQFT",{"v":13,"d":"13.00"},{"v":3989.7,"d":"$3,990"}]
[{"$f":"IF(D214=\"\",\"\",COUNTA(($D$8:D214)))","v":""}]
[{"$f":"IF(D215=\"\",\"\",COUNTA(($D$8:D215)))","v":""},null,"FIRST FLOOR PLAN PART B"]
[{"$f":"IF(D216=\"\",\"\",COUNTA(($D$8:D216)))","v":189},"A2.1.7","1520 CORR  VCT FLOOR",1792.7,"SQFT",{"v":13,"d":"13.00"},{"v":23305.100000000002,"d":"$23,305"}]
[{"$f":"IF(D217=\"\",\"\",COUNTA(($D$8:D217)))","v":""}]
[{"$f":"IF(D218=\"\",\"\",COUNTA(($D$8:D218)))","v":""},null,"FIRST FLOOR PLAN PART C"]
[{"$f":"IF(D219=\"\",\"\",COUNTA(($D$8:D219)))","v":190},"A2.1.8","1719B STOR VCT FLOOR",204.3,"SQFT",{"v":13,"d":"13.00"},{"v":2655.9,"d":"$2,656"}]
[{"$f":"IF(D220=\"\",\"\",COUNTA(($D$8:D220)))","v":191},null,"1719A STOR VCT FLOOR",{"v":107,"d":"107.0"},"SQFT",{"v":13,"d":"13.00"},{"v":1391,"d":"$1,391"}]
[{"$f":"IF(D221=\"\",\"\",COUNTA(($D$8:D221)))","v":192},null,"1709A STOR VCT FLOOR",105.9,"SQFT",{"v":13,"d":"13.00"},{"v":1376.7,"d":"$1,377"}]
[{"$f":"IF(D222=\"\",\"\",COUNTA(($D$8:D222)))","v":193},null,"1704 ARMORY VCT FLOOR",252.7,"SQFT",{"v":13,"d":"13.00"},{"v":3285.1,"d":"$3,285"}]
[{"$f":"IF(D223=\"\",\"\",COUNTA(($D$8:D223)))","v":194},null,"1707 NJROTC VCT FLOOR",{"v":680,"d":"680.0"},"SQFT",{"v":13,"d":"13.00"},{"v":8840,"d":"$8,840"}]
[{"$f":"IF(D224=\"\",\"\",COUNTA(($D$8:D224)))","v":195},null,"1701 NJROTC VCT FLOOR",987.1,"SQFT",{"v":13,"d":"13.00"},{"v":12832.300000000001,"d":"$12,832"}]
[{"$f":"IF(D225=\"\",\"\",COUNTA(($D$8:D225)))","v":196},null,"1701B CADET VCT FLOOR",189.1,"SQFT",{"v":13,"d":"13.00"},{"v":2458.2999999999997,"d":"$2,458"}]
[{"$f":"IF(D226=\"\",\"\",COUNTA(($D$8:D226)))","v":197},null,"1701A OFF VCT FLOOR",184.1,"SQFT",{"v":13,"d":"13.00"},{"v":2393.2999999999997,"d":"$2,393"}]
[{"$f":"IF(D227=\"\",\"\",COUNTA(($D$8:D227)))","v":198},null,"1613 FITNESS VCT FLOOR",550.8,"SQFT",{"v":13,"d":"13.00"},{"v":7160.4,"d":"$7,160"}]
[{"$f":"IF(D228=\"\",\"\",COUNTA(($D$8:D228)))","v":199},null,"1613A STORAGE VCT FLOOR",150.8,"SQFT",{"v":13,"d":"13.00"},{"v":1960.4,"d":"$1,960"}]
[{"$f":"IF(D229=\"\",\"\",COUNTA(($D$8:D229)))","v":200},null,"1701D CANTEEN VCT FLOOR",160.8,"SQFT",{"v":13,"d":"13.00"},{"v":2090.4,"d":"$2,090"}]
[{"$f":"IF(D230=\"\",\"\",COUNTA(($D$8:D230)))","v":201},null,"1707A STORAGE VCT FLOOR",125.3,"SQFT",{"v":13,"d":"13.00"},{"v":1628.8999999999999,"d":"$1,629"}]
[{"$f":"IF(D231=\"\",\"\",COUNTA(($D$8:D231)))","v":202},null,"1700 CORR.  VCT FLOOR",1579.2,"SQFT",{"v":13,"d":"13.00"},{"v":20529.600000000002,"d":"$20,530"}]
[{"$f":"IF(D232=\"\",\"\",COUNTA(($D$8:D232)))","v":""}]
[{"$f":"IF(D233=\"\",\"\",COUNTA(($D$8:D233)))","v":""},null,"FIRST FLOOR PART D"]
[{"$f":"IF(D234=\"\",\"\",COUNTA(($D$8:D234)))","v":203},"A2.1.9","801N LIGHTS   VCT FLOOR",304.6,"SQFT",{"v":13,"d":"13.00"},{"v":3959.8,"d":"$3,960"}]
[{"$f":"IF(D235=\"\",\"\",COUNTA(($D$8:D235)))","v":204},null,"801M LIGHTING VCT FLOOR",191.1,"SQFT",{"v":13,"d":"13.00"},{"v":2484.2999999999997,"d":"$2,484"}]
[{"$f":"IF(D236=\"\",\"\",COUNTA(($D$8:D236)))","v":205},null,"801L BOOTH VCT FLOOR",304.7,"SQFT",{"v":13,"d":"13.00"},{"v":3961.1,"d":"$3,961"}]
[{"$f":"IF(D237=\"\",\"\",COUNTA(($D$8:D237)))","v":206},null,"1516A EDITING  VCT FLOOR",{"v":98,"d":"98.0"},"SQFT",{"v":13,"d":"13.00"},{"v":1274,"d":"$1,274"}]
[{"$f":"IF(D238=\"\",\"\",COUNTA(($D$8:D238)))","v":207},null,"1516B CONTROL   VCT FLOOR",137.6,"SQFT",{"v":13,"d":"13.00"},{"v":1788.8,"d":"$1,789"}]
[{"$f":"IF(D239=\"\",\"\",COUNTA(($D$8:D239)))","v":208},null,"1516 TV STUDIO  VCT FLOOR",1109.7,"SQFT",{"v":13,"d":"13.00"},{"v":14426.1,"d":"$14,426"}]
[{"$f":"IF(D240=\"\",\"\",COUNTA(($D$8:D240)))","v":209},null,"1512 CLASS ROOM  VCT FLOOR",861.9,"SQFT",{"v":13,"d":"13.00"},{"v":11204.699999999999,"d":"$11,205"}]
[{"$f":"IF(D241=\"\",\"\",COUNTA(($D$8:D241)))","v":210},null,"1500 CORR   VCT FLOOR",3303.5,"SQFT",{"v":13,"d":"13.00"},{"v":42945.5,"d":"$42,946"}]
[{"$f":"IF(D242=\"\",\"\",COUNTA(($D$8:D242)))","v":""}]
[{"$f":"IF(D243=\"\",\"\",COUNTA(($D$8:D243)))","v":""},null,"FIRST FLOOR PLAN PART F"]
[{"$f":"IF(D244=\"\",\"\",COUNTA(($D$8:D244)))","v":211},"A2.1.10","1515A STOR VCT FLOOR",146.3,"SQFT",{"v":13,"d":"13.00"},{"v":1901.9,"d":"$1,902"}]
[{"$f":"IF(D245=\"\",\"\",COUNTA(($D$8:D245)))","v":212},null,"1515 APP. ENG COMP VCT FLOOR",1181.5,"SQFT",{"v":13,"d":"13.00"},{"v":15359.5,"d":"$15,360"}]
[{"$f":"IF(D246=\"\",\"\",COUNTA(($D$8:D246)))","v":213},null,"1519 TOILET WALLS CT",258.9,"SQFT",{"v":12,"d":"12.00"},{"v":3106.7999999999997,"d":"$3,107"}]
[{"$f":"IF(D247=\"\",\"\",COUNTA(($D$8:D247)))","v":214},null,"1521 TOILET WALLS CT",258.6,"SQFT",{"v":12,"d":"12.00"},{"v":3103.2000000000003,"d":"$3,103"}]
[{"$f":"IF(D248=\"\",\"\",COUNTA(($D$8:D248)))","v":215},null,"1523A OFF. C",203.4,"SQFT",{"v":15,"d":"15.00"},{"v":3051,"d":"$3,051"}]
[{"$f":"IF(D249=\"\",\"\",COUNTA(($D$8:D249)))","v":216},null,"1500 CORR. VCT",1128.6,"SQFT",{"v":13,"d":"13.00"},{"v":14671.8,"d":"$14,672"}]
[{"$f":"IF(D250=\"\",\"\",COUNTA(($D$8:D250)))","v":217},null,"1531 CORR. VCT",{"v":857,"d":"857.0"},"SQFT",{"v":13,"d":"13.00"},{"v":11141,"d":"$11,141"}]
[{"$f":"IF(D251=\"\",\"\",COUNTA(($D$8:D251)))","v":218},null,"1327 CORRIDOR VCT FLOOR",159.5,"SQFT",{"v":13,"d":"13.00"},{"v":2073.5,"d":"$2,074"}]
[{"$f":"IF(D252=\"\",\"\",COUNTA(($D$8:D252)))","v":219},null,"1325A STORAGE VCT FLOOR",248.3,"SQFT",{"v":13,"d":"13.00"},{"v":3227.9,"d":"$3,228"}]
[{"$f":"IF(D253=\"\",\"\",COUNTA(($D$8:D253)))","v":220},null,"1523B WORK C",468.6,"SQFT",{"v":15,"d":"15.00"},{"v":7029,"d":"$7,029"}]
[{"$f":"IF(D254=\"\",\"\",COUNTA(($D$8:D254)))","v":221},null,"1523C STORAGE VCT FLOOR",444.3,"SQFT",{"v":13,"d":"13.00"},{"v":5775.900000000001,"d":"$5,776"}]
[{"$f":"IF(D255=\"\",\"\",COUNTA(($D$8:D255)))","v":222},null,"1332 CORR VCT FLOOR",{"v":661,"d":"661.0"},"SQFT",{"v":13,"d":"13.00"},{"v":8593,"d":"$8,593"}]
[{"$f":"IF(D256=\"\",\"\",COUNTA(($D$8:D256)))","v":223},null,"1511A STUD.STOR. VCT FLOOR",353.5,"SQFT",{"v":13,"d":"13.00"},{"v":4595.5,"d":"$4,596"}]
[{"$f":"IF(D257=\"\",\"\",COUNTA(($D$8:D257)))","v":224},null,"1407A VEST VCT FLOOR",78.5,"SQFT",{"v":13,"d":"13.00"},{"v":1020.5,"d":"$1,021"}]
[{"$f":"IF(D258=\"\",\"\",COUNTA(($D$8:D258)))","v":225},null,"1407 CORR. VCT FLOOR",634.7,"SQFT",{"v":13,"d":"13.00"},{"v":8251.1,"d":"$8,251"}]
[{"$f":"IF(D259=\"\",\"\",COUNTA(($D$8:D259)))","v":226},null,"1321A STORAGE VCT FLOOR",146.3,"SQFT",{"v":13,"d":"13.00"},{"v":1901.9,"d":"$1,902"}]
[{"$f":"IF(D260=\"\",\"\",COUNTA(($D$8:D260)))","v":227},null,"1321 AOIT COMPUTER VCT FLOOR",1066.3,"SQFT",{"v":13,"d":"13.00"},{"v":13861.9,"d":"$13,862"}]
[{"$f":"IF(D261=\"\",\"\",COUNTA(($D$8:D261)))","v":228},null,"1406 WORK VCT FLOOR",510.9,"SQFT",{"v":13,"d":"13.00"},{"v":6641.7,"d":"$6,642"}]
[{"$f":"IF(D262=\"\",\"\",COUNTA(($D$8:D262)))","v":229},null,"1325 AOIT LAB VCT FLOOR",{"v":1633,"d":"1633.0"},"SQFT",{"v":13,"d":"13.00"},{"v":21229,"d":"$21,229"}]
[{"$f":"IF(D263=\"\",\"\",COUNTA(($D$8:D263)))","v":230},null,"1523 MEDIA CENTER  C",217.5,"SQFT",{"v":15,"d":"15.00"},{"v":3262.5,"d":"$3,263"}]
[{"$f":"IF(D264=\"\",\"\",COUNTA(($D$8:D264)))","v":231},null,"1104W TOIL CT",55.4,"SQFT",{"v":12,"d":"12.00"},{"v":664.8,"d":"$665"}]
[{"$f":"IF(D265=\"\",\"\",COUNTA(($D$8:D265)))","v":232},null,"1104X TOIL CT",55.3,"SQFT",{"v":12,"d":"12.00"},{"v":663.5999999999999,"d":"$664"}]
[{"$f":"IF(D266=\"\",\"\",COUNTA(($D$8:D266)))","v":233},null,"1104Y CLOS  VCT FLOOR",{"v":53,"d":"53.0"},"SQFT",{"v":13,"d":"13.00"},{"v":689,"d":"$689"}]
[{"$f":"IF(D267=\"\",\"\",COUNTA(($D$8:D267)))","v":234},null,"1104V OFF. C",{"v":168,"d":"168.0"},"SQFT",{"v":15,"d":"15.00"},{"v":2520,"d":"$2,520"}]
[{"$f":"IF(D268=\"\",\"\",COUNTA(($D$8:D268)))","v":235},null,"1104U CLOS. VCT FLOOR",25.9,"SQFT",{"v":13,"d":"13.00"},{"v":336.7,"d":"$337"}]
[{"$f":"IF(D269=\"\",\"\",COUNTA(($D$8:D269)))","v":236},null,"1104T TOIL. CT",{"v":58,"d":"58.0"},"SQFT",{"v":12,"d":"12.00"},{"v":696,"d":"$696"}]
[{"$f":"IF(D270=\"\",\"\",COUNTA(($D$8:D270)))","v":237},null,"1102 TEST.STOR. VCT FLOOR",486.9,"SQFT",{"v":13,"d":"13.00"},{"v":6329.7,"d":"$6,330"}]
[{"$f":"IF(D271=\"\",\"\",COUNTA(($D$8:D271)))","v":238},null,"1531 CORR. VCT FLOOR",316.5,"SQFT",{"v":13,"d":"13.00"},{"v":4114.5,"d":"$4,115"}]
[{"$f":"IF(D272=\"\",\"\",COUNTA(($D$8:D272)))","v":239},null,"1104K HALL  C",146.9,"SQFT",{"v":15,"d":"15.00"},{"v":2203.5,"d":"$2,204"}]
[{"$f":"IF(D273=\"\",\"\",COUNTA(($D$8:D273)))","v":240},null,"1104H CONF. C",278.9,"SQFT",{"v":15,"d":"15.00"},{"v":4183.5,"d":"$4,184"}]
[{"$f":"IF(D274=\"\",\"\",COUNTA(($D$8:D274)))","v":241},null,"1104S PRIN. C",{"v":223,"d":"223.0"},"SQFT",{"v":15,"d":"15.00"},{"$f":"D274*F274","v":{"v":3345,"d":"$3,345"}}]
[{"$f":"IF(D275=\"\",\"\",COUNTA(($D$8:D275)))","v":242},null,"1104R OFF. C",153.2,"SQFT",{"v":15,"d":"15.00"},{"v":2298,"d":"$2,298"}]
[{"$f":"IF(D276=\"\",\"\",COUNTA(($D$8:D276)))","v":243},null,"1104Q OFF. C",155.3,"SQFT",{"v":15,"d":"15.00"},{"v":2329.5,"d":"$2,330"}]
[{"$f":"IF(D277=\"\",\"\",COUNTA(($D$8:D277)))","v":244},null,"1104P OFF. C",148.4,"SQFT",{"v":15,"d":"15.00"},{"v":2226,"d":"$2,226"}]
[{"$f":"IF(D278=\"\",\"\",COUNTA(($D$8:D278)))","v":245},null,"1104M CLOS. VCT FLOOR",75.7,"SQFT",{"v":13,"d":"13.00"},{"v":984.1,"d":"$984"}]
[{"$f":"IF(D279=\"\",\"\",COUNTA(($D$8:D279)))","v":246},null,"1104N OFF. C",97.4,"SQFT",{"v":15,"d":"15.00"},{"v":1461,"d":"$1,461"}]
[{"$f":"IF(D280=\"\",\"\",COUNTA(($D$8:D280)))","v":247},null,"1104L OFF. C",156.2,"SQFT",{"v":15,"d":"15.00"},{"v":2343,"d":"$2,343"}]
[{"$f":"IF(D281=\"\",\"\",COUNTA(($D$8:D281)))","v":248},null,"1104D BUS.M. C",170.7,"SQFT",{"v":15,"d":"15.00"},{"v":2560.5,"d":"$2,561"}]
[{"$f":"IF(D282=\"\",\"\",COUNTA(($D$8:D282)))","v":249},null,"1104C CLOS. VCT FLOOR",39.9,"SQFT",{"v":13,"d":"13.00"},{"v":518.6999999999999,"d":"$519"}]
[{"$f":"IF(D283=\"\",\"\",COUNTA(($D$8:D283)))","v":250},null,"1104B FIN. SEC. C",{"v":121,"d":"121.0"},"SQFT",{"v":15,"d":"15.00"},{"v":1815,"d":"$1,815"}]
[{"$f":"IF(D284=\"\",\"\",COUNTA(($D$8:D284)))","v":251},null,"1104E WORK/MAIL  VCT FLOOR",543.1,"SQFT",{"v":13,"d":"13.00"},{"v":7060.3,"d":"$7,060"}]
[{"$f":"IF(D285=\"\",\"\",COUNTA(($D$8:D285)))","v":252},null,"1104F COPY VCT FLOOR",197.7,"SQFT",{"v":13,"d":"13.00"},{"v":2570.1,"d":"$2,570"}]
[{"$f":"IF(D286=\"\",\"\",COUNTA(($D$8:D286)))","v":253},null,"1104G PAPER STOR.  VCT FLOOR",138.9,"SQFT",{"v":13,"d":"13.00"},{"v":1805.7,"d":"$1,806"}]
[{"$f":"IF(D287=\"\",\"\",COUNTA(($D$8:D287)))","v":254},null,"1104 GEN.OFF.  C",1074.6,"SQFT",{"v":15,"d":"15.00"},{"v":16118.999999999998,"d":"$16,119"}]
[{"$f":"IF(D288=\"\",\"\",COUNTA(($D$8:D288)))","v":255},null,"1104A ATT.  C",113.3,"SQFT",{"v":15,"d":"15.00"},{"v":1699.5,"d":"$1,700"}]
[{"$f":"IF(D289=\"\",\"\",COUNTA(($D$8:D289)))","v":256},null,"1106 VEST   VCT FLOOR",152.3,"SQFT",{"v":13,"d":"13.00"},{"v":1979.9,"d":"$1,980"}]
[{"$f":"IF(D290=\"\",\"\",COUNTA(($D$8:D290)))","v":257},null,"1107C IB WAIT  VCT FLOOR",{"v":112,"d":"112.0"},"SQFT",{"v":13,"d":"13.00"},{"v":1456,"d":"$1,456"}]
[{"$f":"IF(D291=\"\",\"\",COUNTA(($D$8:D291)))","v":258},null,"1107B  IB OFF.  VCT FLOOR",175.6,"SQFT",{"v":13,"d":"13.00"},{"v":2282.7999999999997,"d":"$2,283"}]
[{"$f":"IF(D292=\"\",\"\",COUNTA(($D$8:D292)))","v":259},null,"1107A IB CONF   VCT FLOOR",238.1,"SQFT",{"v":13,"d":"13.00"},{"v":3095.2999999999997,"d":"$3,095"}]
[{"$f":"IF(D293=\"\",\"\",COUNTA(($D$8:D293)))","v":260},null,"1107 IB CLASS ROOM VCT FLOOR  ",{"v":895,"d":"895.0"},"SQFT",{"v":13,"d":"13.00"},{"v":11635,"d":"$11,635"}]
[{"$f":"IF(D294=\"\",\"\",COUNTA(($D$8:D294)))","v":261},null,"1103 IB FILM   VCT FLOOR",1115.8,"SQFT",{"v":13,"d":"13.00"},{"v":14505.4,"d":"$14,505"}]
[{"$f":"IF(D295=\"\",\"\",COUNTA(($D$8:D295)))","v":262},null,"1523D STUDY  C",137.9,"SQFT",{"v":15,"d":"15.00"},{"v":2068.5,"d":"$2,069"}]
[{"$f":"IF(D296=\"\",\"\",COUNTA(($D$8:D296)))","v":263},null,"1101 TEC/MDF  VCT FLOOR",395.5,"SQFT",{"v":13,"d":"13.00"},{"v":5141.5,"d":"$5,142"}]
[{"$f":"IF(D297=\"\",\"\",COUNTA(($D$8:D297)))","v":264},null,"1101A OFF.  C",156.3,"SQFT",{"v":15,"d":"15.00"},{"v":2344.5,"d":"$2,345"}]
[{"$f":"IF(D298=\"\",\"\",COUNTA(($D$8:D298)))","v":265},null,"1100 CORR.  VCT FLOOR",1481.1,"SQFT",{"v":13,"d":"13.00"},{"v":19254.3,"d":"$19,254"}]
[{"$f":"IF(D299=\"\",\"\",COUNTA(($D$8:D299)))","v":266},null,"1104J HALL  C",457.2,"SQFT",{"v":15,"d":"15.00"},{"v":6858,"d":"$6,858"}]
[{"$f":"IF(D300=\"\",\"\",COUNTA(($D$8:D300)))","v":267},null,"1322 SCIENCE  VCT FLOOR",1460.6,"SQFT",{"v":13,"d":"13.00"},{"v":18987.8,"d":"$18,988"}]
[{"$f":"IF(D301=\"\",\"\",COUNTA(($D$8:D301)))","v":268},null,"1322 PREP  VCT FLOOR",298.9,"SQFT",{"v":13,"d":"13.00"},{"v":3885.7,"d":"$3,886"}]
[{"$f":"IF(D302=\"\",\"\",COUNTA(($D$8:D302)))","v":269},null,"1326 SCIENCE   VCT FLOOR",1448.2,"SQFT",{"v":13,"d":"13.00"},{"v":18826.600000000002,"d":"$18,827"}]
[{"$f":"IF(D303=\"\",\"\",COUNTA(($D$8:D303)))","v":""}]
[{"$f":"IF(D304=\"\",\"\",COUNTA(($D$8:D304)))","v":""},null,"FIRST FLOOR PLAN PART G"]
[{"$f":"IF(D305=\"\",\"\",COUNTA(($D$8:D305)))","v":270},"A2.1.11","1407 A VEST   VCT FLOOR",77.9,"SQFT",{"v":13,"d":"13.00"},{"v":1012.7,"d":"$1,013"}]
[{"$f":"IF(D306=\"\",\"\",COUNTA(($D$8:D306)))","v":271},null,"1407 CORR  VCT FLOOR",1772.9,"SQFT",{"v":13,"d":"13.00"},{"v":23047.7,"d":"$23,048"}]
[{"$f":"IF(D307=\"\",\"\",COUNTA(($D$8:D307)))","v":272},null,"1401 OT/PT  VCT FLOOR",332.7,"SQFT",{"v":13,"d":"13.00"},{"v":4325.099999999999,"d":"$4,325"}]
[{"$f":"IF(D308=\"\",\"\",COUNTA(($D$8:D308)))","v":273},null,"1314 TOIL.  CT",84.6,"SQFT",{"v":12,"d":"12.00"},{"v":1015.1999999999999,"d":"$1,015"}]
[{"$f":"IF(D309=\"\",\"\",COUNTA(($D$8:D309)))","v":274},null,"1310 SP.ED.LFI   VCT FLOOR",823.2,"SQFT",{"v":13,"d":"13.00"},{"v":10701.6,"d":"$10,702"}]
[{"$f":"IF(D310=\"\",\"\",COUNTA(($D$8:D310)))","v":275},null,"1306A TOIL.   CT",122.6,"SQFT",{"v":12,"d":"12.00"},{"v":1471.1999999999998,"d":"$1,471"}]
[{"$f":"IF(D311=\"\",\"\",COUNTA(($D$8:D311)))","v":276},null,"1306 SP.ED.LFI   VCT FLOOR",743.7,"SQFT",{"v":13,"d":"13.00"},{"v":9668.1,"d":"$9,668"}]
[{"$f":"IF(D312=\"\",\"\",COUNTA(($D$8:D312)))","v":277},null,"1214 CAR.CHILD.CLASS  VCT FLOOR",{"v":765,"d":"765.0"},"SQFT",{"v":13,"d":"13.00"},{"v":9945,"d":"$9,945"}]
[{"$f":"IF(D313=\"\",\"\",COUNTA(($D$8:D313)))","v":278},null,"1210 CAR.CHILD.LAC  VCT FLOOR",851.6,"SQFT",{"v":13,"d":"13.00"},{"v":11070.800000000001,"d":"$11,071"}]
[{"$f":"IF(D314=\"\",\"\",COUNTA(($D$8:D314)))","v":279},null,"1210C OFF.  VCT FLOOR",177.3,"SQFT",{"v":13,"d":"13.00"},{"v":2304.9,"d":"$2,305"}]
[{"$f":"IF(D315=\"\",\"\",COUNTA(($D$8:D315)))","v":280},null,"1210B STOR VCT FLOOR",103.1,"SQFT",{"v":13,"d":"13.00"},{"v":1340.3,"d":"$1,340"}]
[{"$f":"IF(D316=\"\",\"\",COUNTA(($D$8:D316)))","v":281},null,"1210A TOIL.. CT",121.7,"SQFT",{"v":12,"d":"12.00"},{"v":1460.4,"d":"$1,460"}]
[{"$f":"IF(D317=\"\",\"\",COUNTA(($D$8:D317)))","v":282},null,"1202 CORR   VCT FLOOR",1319.1,"SQFT",{"v":13,"d":"13.00"},{"v":17148.3,"d":"$17,148"}]
[{"$f":"IF(D318=\"\",\"\",COUNTA(($D$8:D318)))","v":283},null,"1211 TOIL  CT",55.7,"SQFT",{"v":12,"d":"12.00"},{"v":668.4000000000001,"d":"$668"}]
[{"$f":"IF(D319=\"\",\"\",COUNTA(($D$8:D319)))","v":284},null,"1209 TOIL.  CT",{"v":56,"d":"56.0"},"SQFT",{"v":12,"d":"12.00"},{"v":672,"d":"$672"}]
[{"$f":"IF(D320=\"\",\"\",COUNTA(($D$8:D320)))","v":285},null,"1207 RES.OFF.  VCT FLOOR",147.1,"SQFT",{"v":13,"d":"13.00"},{"v":1912.3,"d":"$1,912"}]
[{"$f":"IF(D321=\"\",\"\",COUNTA(($D$8:D321)))","v":286},null,"1207 STAFF OFF.  VCT FLOOR",211.8,"SQFT",{"v":13,"d":"13.00"},{"v":2753.4,"d":"$2,753"}]
[{"$f":"IF(D322=\"\",\"\",COUNTA(($D$8:D322)))","v":287},null,"1215 TOILET WALLS   CT",{"v":260,"d":"260.0"},"SQFT",{"v":12,"d":"12.00"},{"v":3120,"d":"$3,120"}]
[{"$f":"IF(D323=\"\",\"\",COUNTA(($D$8:D323)))","v":288},null,"1213 TOILET WALLS   CT",261.1,"SQFT",{"v":12,"d":"12.00"},{"v":3133.2000000000003,"d":"$3,133"}]
[{"$f":"IF(D324=\"\",\"\",COUNTA(($D$8:D324)))","v":289},null,"1307 SP.ED.LFI  VCT FLOOR",{"v":656,"d":"656.0"},"SQFT",{"v":13,"d":"13.00"},{"v":8528,"d":"$8,528"}]
[{"$f":"IF(D325=\"\",\"\",COUNTA(($D$8:D325)))","v":290},null,"1307A TOIL   CT",120.8,"SQFT",{"v":12,"d":"12.00"},{"v":1449.6,"d":"$1,450"}]
[{"$f":"IF(D326=\"\",\"\",COUNTA(($D$8:D326)))","v":291},null,"1311 SP.ED.LFI    VCT FLOOR",694.8,"SQFT",{"v":13,"d":"13.00"},{"v":9032.4,"d":"$9,032"}]
[{"$f":"IF(D327=\"\",\"\",COUNTA(($D$8:D327)))","v":292},null,"1205C LIT.MAG   VCT FLOOR",{"v":298,"d":"298.0"},"SQFT",{"v":13,"d":"13.00"},{"v":3874,"d":"$3,874"}]
[{"$f":"IF(D328=\"\",\"\",COUNTA(($D$8:D328)))","v":293},null,"1405D YEAR BOOK   VCT FLOOR",{"v":285,"d":"285.0"},"SQFT",{"v":13,"d":"13.00"},{"v":3705,"d":"$3,705"}]
[{"$f":"IF(D329=\"\",\"\",COUNTA(($D$8:D329)))","v":294},null,"1405E STOR  VCT FLOOR",87.7,"SQFT",{"v":13,"d":"13.00"},{"v":1140.1000000000001,"d":"$1,140"}]
[{"$f":"IF(D330=\"\",\"\",COUNTA(($D$8:D330)))","v":295},null,"1405 F RELMOTE SERV   QUERRY TILE (QT) ",143.6,"SQFT",{"v":12,"d":"12.00"},{"v":1723.1999999999998,"d":"$1,723"}]
[{"$f":"IF(D331=\"\",\"\",COUNTA(($D$8:D331)))","v":296},null,"1405B STOR.  VCT FLOOR",73.3,"SQFT",{"v":13,"d":"13.00"},{"v":952.9,"d":"$953"}]
[{"$f":"IF(D332=\"\",\"\",COUNTA(($D$8:D332)))","v":297},null,"1405A JOURN  VCT FLOOR",269.9,"SQFT",{"v":13,"d":"13.00"},{"v":3508.7,"d":"$3,509"}]
[{"$f":"IF(D333=\"\",\"\",COUNTA(($D$8:D333)))","v":298},null,"1405 STUD ACT   VCT FLOOR",322.6,"SQFT",{"v":13,"d":"13.00"},{"v":4193.8,"d":"$4,194"}]
[{"$f":"IF(D334=\"\",\"\",COUNTA(($D$8:D334)))","v":299},null,"1407 CORR   VCT FLOOR",510.5,"SQFT",{"v":13,"d":"13.00"},{"v":6636.5,"d":"$6,637"}]
[{"$f":"IF(D335=\"\",\"\",COUNTA(($D$8:D335)))","v":300},null,"1409 PROJ   VCT FLOOR",459.5,"SQFT",{"v":13,"d":"13.00"},{"v":5973.5,"d":"$5,974"}]
[{"$f":"IF(D336=\"\",\"\",COUNTA(($D$8:D336)))","v":301},null,"1411 PROJ.  VCT FLOOR",463.6,"SQFT",{"v":13,"d":"13.00"},{"v":6026.8,"d":"$6,027"}]
[{"$f":"IF(D337=\"\",\"\",COUNTA(($D$8:D337)))","v":302},null,"1109 TOILET WALLS   CT",{"v":278,"d":"278.0"},"SQFT",{"v":12,"d":"12.00"},{"v":3336,"d":"$3,336"}]
[{"$f":"IF(D338=\"\",\"\",COUNTA(($D$8:D338)))","v":303},null,"1111 TOILET WALLS   CT",{"v":277,"d":"277.0"},"SQFT",{"v":12,"d":"12.00"},{"$f":"D338*F338","v":{"v":3324,"d":"$3,324"}}]
[{"$f":"IF(D339=\"\",\"\",COUNTA(($D$8:D339)))","v":304},null,"1113 CLASS ROOM   VCT FLOOR",809.2,"SQFT",{"v":13,"d":"13.00"},{"v":10519.6,"d":"$10,520"}]
[{"$f":"IF(D340=\"\",\"\",COUNTA(($D$8:D340)))","v":305},null,"1117 CLASSROOM   VCT FLOOR",914.5,"SQFT",{"v":13,"d":"13.00"},{"v":11888.5,"d":"$11,889"}]
[{"$f":"IF(D341=\"\",\"\",COUNTA(($D$8:D341)))","v":306},null,"1203 LIFE SKILLS    VCT FLOOR",1014.2,"SQFT",{"v":13,"d":"13.00"},{"v":13184.6,"d":"$13,185"}]
[{"$f":"IF(D342=\"\",\"\",COUNTA(($D$8:D342)))","v":307},null,"12O4A TOILT   CT",112.6,"SQFT",{"v":12,"d":"12.00"},{"v":1351.1999999999998,"d":"$1,351"}]
[{"$f":"IF(D343=\"\",\"\",COUNTA(($D$8:D343)))","v":308},null,"1208 SCB  VCT FLOOR",724.2,"SQFT",{"v":13,"d":"13.00"},{"v":9414.6,"d":"$9,415"}]
[{"$f":"IF(D344=\"\",\"\",COUNTA(($D$8:D344)))","v":309},null,"1204 SCB   VCT FLOOR",691.2,"SQFT",{"v":13,"d":"13.00"},{"v":8985.6,"d":"$8,986"}]
[{"$f":"IF(D345=\"\",\"\",COUNTA(($D$8:D345)))","v":310},null,"1200 CORR   VCT FLOOR",1733.4,"SQFT",{"v":13,"d":"13.00"},{"v":22534.2,"d":"$22,534"}]
[{"$f":"IF(D346=\"\",\"\",COUNTA(($D$8:D346)))","v":311},null,"1112 HEALTH PROF.LAB  VCT FLOOR",1212.4,"SQFT",{"v":13,"d":"13.00"},{"v":15761.2,"d":"$15,761"}]
[{"$f":"IF(D347=\"\",\"\",COUNTA(($D$8:D347)))","v":312},null,"1112A STOR.  VCT FLOOR",297.6,"SQFT",{"v":13,"d":"13.00"},{"v":3868.8,"d":"$3,869"}]
[{"$f":"IF(D348=\"\",\"\",COUNTA(($D$8:D348)))","v":313},null,"1106 VEST VCT FLOOR",307.3,"SQFT",{"v":13,"d":"13.00"},{"v":3994.9,"d":"$3,995"}]
[{"$f":"IF(D349=\"\",\"\",COUNTA(($D$8:D349)))","v":314},null,"1300 CORR. VCT FLOOR",1189.1,"SQFT",{"v":13,"d":"13.00"},{"v":15458.3,"d":"$15,458"}]
[{"$f":"IF(D350=\"\",\"\",COUNTA(($D$8:D350)))","v":315},null,"1108 CORR.  VCT FLOOR",1794.5,"SQFT",{"v":13,"d":"13.00"},{"v":23328.5,"d":"$23,329"}]
[{"$f":"IF(D351=\"\",\"\",COUNTA(($D$8:D351)))","v":316},null,"1116 HEALTH PROF. CLSRM  VCT FLOOR",732.9,"SQFT",{"v":13,"d":"13.00"},{"v":9527.699999999999,"d":"$9,528"}]
[{"$f":"IF(D352=\"\",\"\",COUNTA(($D$8:D352)))","v":""}]
[{"$f":"IF(D353=\"\",\"\",COUNTA(($D$8:D353)))","v":""},null,"FIRST FLOOR PLAN PART H"]
[{"$f":"IF(D354=\"\",\"\",COUNTA(($D$8:D354)))","v":317},"A2.1.12","1503 MECH  VCT FLOOR",77.6,"SQFT",{"v":13,"d":"13.00"},{"v":1008.8,"d":"$1,009"}]
[{"$f":"IF(D355=\"\",\"\",COUNTA(($D$8:D355)))","v":318},null,"1500 CORR.  VCT FLOOR",2560.5,"SQFT",{"v":13,"d":"13.00"},{"v":33286.5,"d":"$33,287"}]
[{"$f":"IF(D356=\"\",\"\",COUNTA(($D$8:D356)))","v":319},null,"1511A STUD.STOR.  VCT FLOOR",270.9,"SQFT",{"v":13,"d":"13.00"},{"v":3521.7,"d":"$3,522"}]
[{"$f":"IF(D357=\"\",\"\",COUNTA(($D$8:D357)))","v":320},null,"1511B SUPPLIES  VCT FLOOR",227.3,"SQFT",{"v":13,"d":"13.00"},{"v":2954.9,"d":"$2,955"}]
[{"$f":"IF(D358=\"\",\"\",COUNTA(($D$8:D358)))","v":321},null,"1505A SUPPLIES   VCT FLOOR",226.2,"SQFT",{"v":13,"d":"13.00"},{"v":2940.6,"d":"$2,941"}]
[{"$f":"IF(D359=\"\",\"\",COUNTA(($D$8:D359)))","v":322},null,"1507 OFF.   VCT FLOOR",241.9,"SQFT",{"v":13,"d":"13.00"},{"v":3144.7000000000003,"d":"$3,145"}]
[{"$f":"IF(D360=\"\",\"\",COUNTA(($D$8:D360)))","v":323},null,"1505 FUONDATION LAB   VCT FLOOR",2075.1,"SQFT",{"v":13,"d":"13.00"},{"v":26976.3,"d":"$26,976"}]
[{"$f":"IF(D361=\"\",\"\",COUNTA(($D$8:D361)))","v":324},null,"1505B STUD.STOR.   VCT FLOOR",197.3,"SQFT",{"v":13,"d":"13.00"},{"v":2564.9,"d":"$2,565"}]
[{"$f":"IF(D362=\"\",\"\",COUNTA(($D$8:D362)))","v":325},null,"1501B STUD.STOR.   VCT FLOOR",{"v":245,"d":"245.0"},"SQFT",{"v":13,"d":"13.00"},{"v":3185,"d":"$3,185"}]
[{"$f":"IF(D363=\"\",\"\",COUNTA(($D$8:D363)))","v":326},null,"1501 APP.ENG.LAB  VCT FLOOR",2296.7,"SQFT",{"v":13,"d":"13.00"},{"v":29857.1,"d":"$29,857"}]
[{"$f":"IF(D364=\"\",\"\",COUNTA(($D$8:D364)))","v":327},null,"1501A SUPPLIES  VCT FLOOR",{"v":200,"d":"200.0"},"SQFT",{"v":13,"d":"13.00"},{"v":2600,"d":"$2,600"}]
[{"$f":"IF(D365=\"\",\"\",COUNTA(($D$8:D365)))","v":328},null,"1500A VEST  VCT FLOOR",82.5,"SQFT",{"v":13,"d":"13.00"},{"v":1072.5,"d":"$1,073"}]
[{"$f":"IF(D366=\"\",\"\",COUNTA(($D$8:D366)))","v":329},null,"1511 FOUNDATION LAC  VCT FLOOR",2076.3,"SQFT",{"v":13,"d":"13.00"},{"v":26991.9,"d":"$26,992"}]
[{"$f":"IF(D367=\"\",\"\",COUNTA(($D$8:D367)))","v":""}]
[{"$f":"IF(D368=\"\",\"\",COUNTA(($D$8:D368)))","v":""},null,"SECOND FLOOR PLAN PART F"]
[{"$f":"IF(D369=\"\",\"\",COUNTA(($D$8:D369)))","v":330},"A2.1.13","2328A KILN  CT",202.6,"SQFT",{"v":12,"d":"12.00"},{"v":2431.2,"d":"$2,431"}]
[{"$f":"IF(D370=\"\",\"\",COUNTA(($D$8:D370)))","v":331},null,"2328B PUG MILL  CT",142.1,"SQFT",{"v":12,"d":"12.00"},{"v":1705.1999999999998,"d":"$1,705"}]
[{"$f":"IF(D371=\"\",\"\",COUNTA(($D$8:D371)))","v":332},null,"2328D POTTERY  CT",371.1,"SQFT",{"v":12,"d":"12.00"},{"v":4453.200000000001,"d":"$4,453"}]
[{"$f":"IF(D372=\"\",\"\",COUNTA(($D$8:D372)))","v":333},null,"2502 CLASSROOM   VCT FLOOR",860.9,"SQFT",{"v":13,"d":"13.00"},{"v":11191.699999999999,"d":"$11,192"}]
[{"$f":"IF(D373=\"\",\"\",COUNTA(($D$8:D373)))","v":334},null,"2506 CLASSROOM  VCT FLOOR",843.3,"SQFT",{"v":13,"d":"13.00"},{"v":10962.9,"d":"$10,963"}]
[{"$f":"IF(D374=\"\",\"\",COUNTA(($D$8:D374)))","v":335},null,"2510  STAFF SUP.VCT FLOOR",147.6,"SQFT",{"v":13,"d":"13.00"},{"v":1918.8,"d":"$1,919"}]
[{"$f":"IF(D375=\"\",\"\",COUNTA(($D$8:D375)))","v":336},null,"2514 STAFF SUP.  VCT FLOOR",148.3,"SQFT",{"v":13,"d":"13.00"},{"v":1927.9,"d":"$1,928"}]
[{"$f":"IF(D376=\"\",\"\",COUNTA(($D$8:D376)))","v":337},null,"2512 CORRIDOR  VCT FLOOR",1264.1,"SQFT",{"v":13,"d":"13.00"},{"v":16433.3,"d":"$16,433"}]
[{"$f":"IF(D377=\"\",\"\",COUNTA(($D$8:D377)))","v":338},null,"2516  ACAD.COORD.  VCT FLOOR",136.6,"SQFT",{"v":13,"d":"13.00"},{"v":1775.8,"d":"$1,776"}]
[{"$f":"IF(D378=\"\",\"\",COUNTA(($D$8:D378)))","v":339},null,"2508 INTERN.  VCT FLOOR",166.1,"SQFT",{"v":13,"d":"13.00"},{"v":2159.2999999999997,"d":"$2,159"}]
[{"$f":"IF(D379=\"\",\"\",COUNTA(($D$8:D379)))","v":340},null,"2518  CLASSROOM VCT FLOOR",843.1,"SQFT",{"v":13,"d":"13.00"},{"v":10960.300000000001,"d":"$10,960"}]
[{"$f":"IF(D380=\"\",\"\",COUNTA(($D$8:D380)))","v":341},null,"2522 CLASSROOM VCT FLOOR",841.4,"SQFT",{"v":13,"d":"13.00"},{"v":10938.199999999999,"d":"$10,938"}]
[{"$f":"IF(D381=\"\",\"\",COUNTA(($D$8:D381)))","v":342},null,"2100 CORR. VCT FLOOR",2336.8,"SQFT",{"v":13,"d":"13.00"},{"v":30378.4,"d":"$30,378"}]
[{"$f":"IF(D382=\"\",\"\",COUNTA(($D$8:D382)))","v":343},null,"2102 BOOKSTOR  VCT FLOOR",475.6,"SQFT",{"v":13,"d":"13.00"},{"v":6182.8,"d":"$6,183"}]
[{"$f":"IF(D383=\"\",\"\",COUNTA(($D$8:D383)))","v":344},null,"2104B  ITEN.   VCT FLOOR",203.9,"SQFT",{"v":13,"d":"13.00"},{"v":2650.7000000000003,"d":"$2,651"}]
[{"$f":"IF(D384=\"\",\"\",COUNTA(($D$8:D384)))","v":345},null,"2104A ITEN. VCT FLOOR",194.6,"SQFT",{"v":13,"d":"13.00"},{"v":2529.7999999999997,"d":"$2,530"}]
[{"$f":"IF(D385=\"\",\"\",COUNTA(($D$8:D385)))","v":346},null,"2106  STAFF.DEV. VCT FLOOR",{"v":281,"d":"281.0"},"SQFT",{"v":13,"d":"13.00"},{"v":3653,"d":"$3,653"}]
[{"$f":"IF(D386=\"\",\"\",COUNTA(($D$8:D386)))","v":347},null,"2110W TOIL. CT",53.7,"SQFT",{"v":12,"d":"12.00"},{"v":644.4000000000001,"d":"$644"}]
[{"$f":"IF(D387=\"\",\"\",COUNTA(($D$8:D387)))","v":348},null,"2110V TOIL.  CT",53.4,"SQFT",{"v":12,"d":"12.00"},{"v":640.8,"d":"$641"}]
[{"$f":"IF(D388=\"\",\"\",COUNTA(($D$8:D388)))","v":349},null,"2110Z CLOS. VCT FLOOR",52.6,"SQFT",{"v":13,"d":"13.00"},{"v":683.8000000000001,"d":"$684"}]
[{"$f":"IF(D389=\"\",\"\",COUNTA(($D$8:D389)))","v":350},null,"2110M OFF. C",196.2,"SQFT",{"v":15,"d":"15.00"},{"v":2943,"d":"$2,943"}]
[{"$f":"IF(D390=\"\",\"\",COUNTA(($D$8:D390)))","v":351},null,"2110L OFF. C",155.3,"SQFT",{"v":15,"d":"15.00"},{"v":2329.5,"d":"$2,330"}]
[{"$f":"IF(D391=\"\",\"\",COUNTA(($D$8:D391)))","v":352},null,"2110K OFF.  C",145.8,"SQFT",{"v":15,"d":"15.00"},{"v":2187,"d":"$2,187"}]
[{"$f":"IF(D392=\"\",\"\",COUNTA(($D$8:D392)))","v":353},null,"2110J OFF. C",148.5,"SQFT",{"v":15,"d":"15.00"},{"v":2227.5,"d":"$2,228"}]
[{"$f":"IF(D393=\"\",\"\",COUNTA(($D$8:D393)))","v":354},null,"2110G OFF.  C",148.8,"SQFT",{"v":15,"d":"15.00"},{"v":2232,"d":"$2,232"}]
[{"$f":"IF(D394=\"\",\"\",COUNTA(($D$8:D394)))","v":355},null,"2110F OFF.  C",148.5,"SQFT",{"v":15,"d":"15.00"},{"v":2227.5,"d":"$2,228"}]
[{"$f":"IF(D395=\"\",\"\",COUNTA(($D$8:D395)))","v":356},null,"2110E OFF.  C",151.8,"SQFT",{"v":15,"d":"15.00"},{"v":2277,"d":"$2,277"}]
[{"$f":"IF(D396=\"\",\"\",COUNTA(($D$8:D396)))","v":357},null,"2110D OFF. C",149.3,"SQFT",{"v":15,"d":"15.00"},{"v":2239.5,"d":"$2,240"}]
[{"$f":"IF(D397=\"\",\"\",COUNTA(($D$8:D397)))","v":358},null,"2110C OFF.C",164.6,"SQFT",{"v":15,"d":"15.00"},{"v":2469,"d":"$2,469"}]
[{"$f":"IF(D398=\"\",\"\",COUNTA(($D$8:D398)))","v":359},null,"2110A OFF. C",160.3,"SQFT",{"v":15,"d":"15.00"},{"v":2404.5,"d":"$2,405"}]
[{"$f":"IF(D399=\"\",\"\",COUNTA(($D$8:D399)))","v":360},null,"2110B CLOS. VCT FLOOR",46.3,"SQFT",{"v":13,"d":"13.00"},{"v":601.9,"d":"$602"}]
[{"$f":"IF(D400=\"\",\"\",COUNTA(($D$8:D400)))","v":361},null,"2110S PSYCH.  VCT FLOOR",149.8,"SQFT",{"v":13,"d":"13.00"},{"v":1947.4,"d":"$1,947"}]
[{"$f":"IF(D401=\"\",\"\",COUNTA(($D$8:D401)))","v":362},null,"2110R CONF.  C",302.9,"SQFT",{"v":15,"d":"15.00"},{"v":4543.5,"d":"$4,544"}]
[{"$f":"IF(D402=\"\",\"\",COUNTA(($D$8:D402)))","v":363},null,"2110Q  WORK  VCT FLOOR",204.8,"SQFT",{"v":13,"d":"13.00"},{"$f":"D402*F402","v":{"v":2662.4,"d":"$2,662"}}]
[{"$f":"IF(D403=\"\",\"\",COUNTA(($D$8:D403)))","v":364},null,"2110P RECORDS VCT FLOOR",233.6,"SQFT",{"v":13,"d":"13.00"},{"v":3036.7999999999997,"d":"$3,037"}]
[{"$f":"IF(D404=\"\",\"\",COUNTA(($D$8:D404)))","v":365},null,"2110N REG.  C",208.2,"SQFT",{"v":15,"d":"15.00"},{"v":3123,"d":"$3,123"}]
[{"$f":"IF(D405=\"\",\"\",COUNTA(($D$8:D405)))","v":366},null,"2110 WAITING  C",562.8,"SQFT",{"v":15,"d":"15.00"},{"v":8442,"d":"$8,442"}]
[{"$f":"IF(D406=\"\",\"\",COUNTA(($D$8:D406)))","v":367},null,"2408 PROJ.  VCT FLOOR",511.3,"SQFT",{"v":13,"d":"13.00"},{"v":6646.900000000001,"d":"$6,647"}]
[{"$f":"IF(D407=\"\",\"\",COUNTA(($D$8:D407)))","v":368},null,"2109 COL.INST.CLASSROOM  VCT FLOOR",897.4,"SQFT",{"v":13,"d":"13.00"},{"v":11666.199999999999,"d":"$11,666"}]
[{"$f":"IF(D408=\"\",\"\",COUNTA(($D$8:D408)))","v":369},null,"2107B OFFICE   VCT FLOOR",151.8,"SQFT",{"v":13,"d":"13.00"},{"v":1973.4,"d":"$1,973"}]
[{"$f":"IF(D409=\"\",\"\",COUNTA(($D$8:D409)))","v":370},null,"2107A OFFICE  VCT FLOOR",142.2,"SQFT",{"v":13,"d":"13.00"},{"v":1848.6,"d":"$1,849"}]
[{"$f":"IF(D410=\"\",\"\",COUNTA(($D$8:D410)))","v":371},null,"2107 STUD.ROOM  VCT FLOOR",273.9,"SQFT",{"v":13,"d":"13.00"},{"v":3560.7,"d":"$3,561"}]
[{"$f":"IF(D411=\"\",\"\",COUNTA(($D$8:D411)))","v":372},null,"2105 COL.INST. CLASSROOM  VCT FLOOR",821.1,"SQFT",{"v":13,"d":"13.00"},{"v":10674.300000000001,"d":"$10,674"}]
[{"$f":"IF(D412=\"\",\"\",COUNTA(($D$8:D412)))","v":373},null,"2101B SPEECH  VCT FLOOR",250.9,"SQFT",{"v":13,"d":"13.00"},{"v":3261.7000000000003,"d":"$3,262"}]
[{"$f":"IF(D413=\"\",\"\",COUNTA(($D$8:D413)))","v":374},null,"2101A VEST  VCT FLOOR",67.6,"SQFT",{"v":13,"d":"13.00"},{"v":878.8,"d":"$879"}]
[{"$f":"IF(D414=\"\",\"\",COUNTA(($D$8:D414)))","v":375},null,"2101C SPEECH  VCT FLOOR",242.9,"SQFT",{"v":13,"d":"13.00"},{"v":3157.7000000000003,"d":"$3,158"}]
[{"$f":"IF(D415=\"\",\"\",COUNTA(($D$8:D415)))","v":376},null,"2523 STOR.  VCT FLOOR",284.8,"SQFT",{"v":13,"d":"13.00"},{"v":3702.4,"d":"$3,702"}]
[{"$f":"IF(D416=\"\",\"\",COUNTA(($D$8:D416)))","v":377},null,"2521 TOIL.  CT",55.8,"SQFT",{"v":12,"d":"12.00"},{"v":669.5999999999999,"d":"$670"}]
[{"$f":"IF(D417=\"\",\"\",COUNTA(($D$8:D417)))","v":378},null,"2519 TOIL.  CT",55.6,"SQFT",{"v":12,"d":"12.00"},{"v":667.2,"d":"$667"}]
[{"$f":"IF(D418=\"\",\"\",COUNTA(($D$8:D418)))","v":379},null,"2517 STAFF OFF. VCT FLOOR",210.4,"SQFT",{"v":13,"d":"13.00"},{"v":2735.2000000000003,"d":"$2,735"}]
[{"$f":"IF(D419=\"\",\"\",COUNTA(($D$8:D419)))","v":380},null,"2507B  ESOL CONF.  VCT FLOOR",213.9,"SQFT",{"v":13,"d":"13.00"},{"v":2780.7000000000003,"d":"$2,781"}]
[{"$f":"IF(D420=\"\",\"\",COUNTA(($D$8:D420)))","v":381},null,"2507 ESOL RES.  VCT FLOOR",310.5,"SQFT",{"v":13,"d":"13.00"},{"v":4036.5,"d":"$4,037"}]
[{"$f":"IF(D421=\"\",\"\",COUNTA(($D$8:D421)))","v":382},null,"2507A ESOL STOR.   VCT FLOOR",170.5,"SQFT",{"v":13,"d":"13.00"},{"v":2216.5,"d":"$2,217"}]
[{"$f":"IF(D422=\"\",\"\",COUNTA(($D$8:D422)))","v":383},null,"2503 TOILET WALLS  CT",260.9,"SQFT",{"v":12,"d":"12.00"},{"v":3130.7999999999997,"d":"$3,131"}]
[{"$f":"IF(D423=\"\",\"\",COUNTA(($D$8:D423)))","v":384},null,"2505  TOILET WALLS  CT",259.2,"SQFT",{"v":12,"d":"12.00"},{"v":3110.3999999999996,"d":"$3,110"}]
[{"$f":"IF(D424=\"\",\"\",COUNTA(($D$8:D424)))","v":385},null,"2328C ART.STOR.  VCT FLOOR",180.5,"SQFT",{"v":13,"d":"13.00"},{"v":2346.5,"d":"$2,347"}]
[{"$f":"IF(D425=\"\",\"\",COUNTA(($D$8:D425)))","v":386},null,"2328 ART  VCT FLOOR",1358.7,"SQFT",{"v":13,"d":"13.00"},{"v":17663.100000000002,"d":"$17,663"}]
[{"$f":"IF(D426=\"\",\"\",COUNTA(($D$8:D426)))","v":387},null,"2322 ART   VCT FLOOR",1360.2,"SQFT",{"v":13,"d":"13.00"},{"v":17682.600000000002,"d":"$17,683"}]
[{"$f":"IF(D427=\"\",\"\",COUNTA(($D$8:D427)))","v":388},null,"2323 ART.STOR.  VCT FLOOR",266.2,"SQFT",{"v":13,"d":"13.00"},{"v":3460.6,"d":"$3,461"}]
[{"$f":"IF(D428=\"\",\"\",COUNTA(($D$8:D428)))","v":389},null,"2321 ART  VCT FLOOR",1285.3,"SQFT",{"v":13,"d":"13.00"},{"v":16708.899999999998,"d":"$16,709"}]
[{"$f":"IF(D429=\"\",\"\",COUNTA(($D$8:D429)))","v":390},null,"2317A ART. STOR.  VCT FLOOR",321.6,"SQFT",{"v":13,"d":"13.00"},{"v":4180.8,"d":"$4,181"}]
[{"$f":"IF(D430=\"\",\"\",COUNTA(($D$8:D430)))","v":391},null,"2317 ART  VCT FLOOR",1322.3,"SQFT",{"v":13,"d":"13.00"},{"v":17189.899999999998,"d":"$17,190"}]
[{"$f":"IF(D431=\"\",\"\",COUNTA(($D$8:D431)))","v":392},null,"2402 GALLERY  VCT FLOOR",151.8,"SQFT",{"v":13,"d":"13.00"},{"v":1973.4,"d":"$1,973"}]
[{"$f":"IF(D432=\"\",\"\",COUNTA(($D$8:D432)))","v":393},null,"2406 WORK  VCT FLOOR",506.9,"SQFT",{"v":13,"d":"13.00"},{"v":6589.7,"d":"$6,590"}]
[{"$f":"IF(D433=\"\",\"\",COUNTA(($D$8:D433)))","v":394},null,"2318 ATR  VCT FLOOR",1423.1,"SQFT",{"v":13,"d":"13.00"},{"v":18500.3,"d":"$18,500"}]
[{"$f":"IF(D434=\"\",\"\",COUNTA(($D$8:D434)))","v":395},null,"2322A DK.RM  VCT FLOOR",370.9,"SQFT",{"v":13,"d":"13.00"},{"v":4821.7,"d":"$4,822"}]
[{"$f":"IF(D435=\"\",\"\",COUNTA(($D$8:D435)))","v":396},null,"2322C FILM  VCT FLOOR",36.5,"SQFT",{"v":13,"d":"13.00"},{"v":474.5,"d":"$475"}]
[{"$f":"IF(D436=\"\",\"\",COUNTA(($D$8:D436)))","v":397},null,"2324 CORR.  VCT FLOOR",1892.3,"SQFT",{"v":13,"d":"13.00"},{"v":24599.899999999998,"d":"$24,600"}]
[{"$f":"IF(D437=\"\",\"\",COUNTA(($D$8:D437)))","v":398},null,"2500 CORR.  VCT FLOOR",674.8,"SQFT",{"v":13,"d":"13.00"},{"v":8772.4,"d":"$8,772"}]
[{"$f":"IF(D438=\"\",\"\",COUNTA(($D$8:D438)))","v":399},null,"2517A RES.OFF.  VCT FLOOR",{"v":147,"d":"147.0"},"SQFT",{"v":13,"d":"13.00"},{"v":1911,"d":"$1,911"}]
[{"$f":"IF(D439=\"\",\"\",COUNTA(($D$8:D439)))","v":400},null,"2113 CAREER INFO.CENTER    VCT FLOOR",797.5,"SQFT",{"v":13,"d":"13.00"},{"v":10367.5,"d":"$10,368"}]
[{"$f":"IF(D440=\"\",\"\",COUNTA(($D$8:D440)))","v":401},null,"2400 CORR.  VCT FLOOR",269.7,"SQFT",{"v":13,"d":"13.00"},{"v":3506.1,"d":"$3,506"}]
[{"$f":"IF(D441=\"\",\"\",COUNTA(($D$8:D441)))","v":402},null,"2400 CORR.  VCT FLOOR",1973.2,"SQFT",{"v":13,"d":"13.00"},{"v":25651.600000000002,"d":"$25,652"}]
[{"$f":"IF(D442=\"\",\"\",COUNTA(($D$8:D442)))","v":403},null,"2110T CLOS.  VCT FLOOR",100.6,"SQFT",{"v":13,"d":"13.00"},{"v":1307.8,"d":"$1,308"}]
[{"$f":"IF(D443=\"\",\"\",COUNTA(($D$8:D443)))","v":404},null,"2110Y HALL  C",292.7,"SQFT",{"v":15,"d":"15.00"},{"v":4390.5,"d":"$4,391"}]
[{"$f":"IF(D444=\"\",\"\",COUNTA(($D$8:D444)))","v":405},null,"2110X HALL C",310.9,"SQFT",{"v":15,"d":"15.00"},{"v":4663.5,"d":"$4,664"}]
[{"$f":"IF(D445=\"\",\"\",COUNTA(($D$8:D445)))","v":""}]
[{"$f":"IF(D446=\"\",\"\",COUNTA(($D$8:D446)))","v":""},null,"SECOND FLOOR PLAN PART G"]
[{"$f":"IF(D447=\"\",\"\",COUNTA(($D$8:D447)))","v":406},"A2.1.14","2314 ART OFFICE   VCT FLOOR",494.1,"SQFT",{"v":13,"d":"13.00"},{"v":6423.3,"d":"$6,423"}]
[{"$f":"IF(D448=\"\",\"\",COUNTA(($D$8:D448)))","v":407},null,"2401 ART STOR  VCT FLOOR",136.3,"SQFT",{"v":13,"d":"13.00"},{"v":1771.9,"d":"$1,772"}]
[{"$f":"IF(D449=\"\",\"\",COUNTA(($D$8:D449)))","v":408},null,"2403 ST.SUP.  VCT FLOOR",84.7,"SQFT",{"v":13,"d":"13.00"},{"v":1101.1000000000001,"d":"$1,101"}]
[{"$f":"IF(D450=\"\",\"\",COUNTA(($D$8:D450)))","v":409},null,"2405 ST. SUP.  VCT FLOOR",166.5,"SQFT",{"v":13,"d":"13.00"},{"v":2164.5,"d":"$2,165"}]
[{"$f":"IF(D451=\"\",\"\",COUNTA(($D$8:D451)))","v":410},null,"2407C CONF.  VCT FLOOR",277.5,"SQFT",{"v":13,"d":"13.00"},{"v":3607.5,"d":"$3,608"}]
[{"$f":"IF(D452=\"\",\"\",COUNTA(($D$8:D452)))","v":411},null,"2407B RT OFFICE  VCT FLOOR",173.4,"SQFT",{"v":13,"d":"13.00"},{"v":2254.2000000000003,"d":"$2,254"}]
[{"$f":"IF(D453=\"\",\"\",COUNTA(($D$8:D453)))","v":412},null,"2409 CLASSTROOM  VCT FLOOR",951.4,"SQFT",{"v":13,"d":"13.00"},{"v":12368.199999999999,"d":"$12,368"}]
[{"$f":"IF(D454=\"\",\"\",COUNTA(($D$8:D454)))","v":413},null,"2115 TOILET WALLS   CT",{"v":280,"d":"280.0"},"SQFT",{"v":12,"d":"12.00"},{"v":3360,"d":"$3,360"}]
[{"$f":"IF(D455=\"\",\"\",COUNTA(($D$8:D455)))","v":414},null,"2117 TOILET WALLS   CT",279.8,"SQFT",{"v":12,"d":"12.00"},{"v":3357.6000000000004,"d":"$3,358"}]
[{"$f":"IF(D456=\"\",\"\",COUNTA(($D$8:D456)))","v":415},null,"2119 CLASSROOM   VCT FLOOR",915.1,"SQFT",{"v":13,"d":"13.00"},{"v":11896.300000000001,"d":"$11,896"}]
[{"$f":"IF(D457=\"\",\"\",COUNTA(($D$8:D457)))","v":416},null,"2123 CLASSR0OM   VCT FLOOR",862.6,"SQFT",{"v":13,"d":"13.00"},{"v":11213.800000000001,"d":"$11,214"}]
[{"$f":"IF(D458=\"\",\"\",COUNTA(($D$8:D458)))","v":417},null,"2201 BOOK STOR    VCT FLOOR",336.6,"SQFT",{"v":13,"d":"13.00"},{"v":4375.8,"d":"$4,376"}]
[{"$f":"IF(D459=\"\",\"\",COUNTA(($D$8:D459)))","v":418},null,"2201A TRAIN   VCT FLOOR",157.3,"SQFT",{"v":13,"d":"13.00"},{"v":2044.9,"d":"$2,045"}]
[{"$f":"IF(D460=\"\",\"\",COUNTA(($D$8:D460)))","v":419},null,"2126 CLASS ROOM   VCT FLOOR",918.2,"SQFT",{"v":13,"d":"13.00"},{"v":11936.6,"d":"$11,937"}]
[{"$f":"IF(D461=\"\",\"\",COUNTA(($D$8:D461)))","v":420},null,"2126 CLASS ROOM   VCT FLOOR",895.3,"SQFT",{"v":13,"d":"13.00"},{"v":11638.9,"d":"$11,639"}]
[{"$f":"IF(D462=\"\",\"\",COUNTA(($D$8:D462)))","v":421},null,"2118 CLASS ROOM   VCT FLOOR",900.3,"SQFT",{"v":13,"d":"13.00"},{"v":11703.9,"d":"$11,704"}]
[{"$f":"IF(D463=\"\",\"\",COUNTA(($D$8:D463)))","v":422},null,"2407 SP.ED.OFF.   VCT FLOOR ",1110.6,"SQFT",{"v":13,"d":"13.00"},{"v":14437.8,"d":"$14,438"}]
[{"$f":"IF(D464=\"\",\"\",COUNTA(($D$8:D464)))","v":423},null,"2407A SE.STOR.   VCT FLOOR",234.9,"SQFT",{"v":13,"d":"13.00"},{"v":3053.7000000000003,"d":"$3,054"}]
[{"$f":"IF(D465=\"\",\"\",COUNTA(($D$8:D465)))","v":424},null,"2315 TOIL   CT",93.5,"SQFT",{"v":12,"d":"12.00"},{"v":1122,"d":"$1,122"}]
[{"$f":"IF(D466=\"\",\"\",COUNTA(($D$8:D466)))","v":425},null,"2313 TRAIN    VCT FLOOR",148.5,"SQFT",{"v":13,"d":"13.00"},{"$f":"D466*F466","v":{"v":1930.5,"d":"$1,931"}}]
[{"$f":"IF(D467=\"\",\"\",COUNTA(($D$8:D467)))","v":426},null,"2310 CLASSROOM   VCT FLOOR",904.2,"SQFT",{"v":13,"d":"13.00"},{"v":11754.6,"d":"$11,755"}]
[{"$f":"IF(D468=\"\",\"\",COUNTA(($D$8:D468)))","v":427},null,"2311 SP.ED.RES   VCT FLOOR",950.5,"SQFT",{"v":13,"d":"13.00"},{"v":12356.5,"d":"$12,357"}]
[{"$f":"IF(D469=\"\",\"\",COUNTA(($D$8:D469)))","v":428},null,"2307 CLASSROOM    VCT FLOOR",{"v":779,"d":"779.0"},"SQFT",{"v":13,"d":"13.00"},{"v":10127,"d":"$10,127"}]
[{"$f":"IF(D470=\"\",\"\",COUNTA(($D$8:D470)))","v":429},null,"2211 TOILET WALLS    CT",260.1,"SQFT",{"v":12,"d":"12.00"},{"v":3121.2000000000003,"d":"$3,121"}]
[{"$f":"IF(D471=\"\",\"\",COUNTA(($D$8:D471)))","v":430},null,"2209 TOILET WALLS  CT",259.9,"SQFT",{"v":12,"d":"12.00"},{"v":3118.7999999999997,"d":"$3,119"}]
[{"$f":"IF(D472=\"\",\"\",COUNTA(($D$8:D472)))","v":431},null,"2207 TOIL    CT",55.4,"SQFT",{"v":12,"d":"12.00"},{"v":664.8,"d":"$665"}]
[{"$f":"IF(D473=\"\",\"\",COUNTA(($D$8:D473)))","v":432},null,"2205 TOIL    CT",56.1,"SQFT",{"v":12,"d":"12.00"},{"v":673.2,"d":"$673"}]
[{"$f":"IF(D474=\"\",\"\",COUNTA(($D$8:D474)))","v":433},null,"2203 RES. OFF.  VCT FLOOR",147.6,"SQFT",{"v":13,"d":"13.00"},{"v":1918.8,"d":"$1,919"}]
[{"$f":"IF(D475=\"\",\"\",COUNTA(($D$8:D475)))","v":434},null,"2203 STAFF OFF.  VCT FLOOR",426.5,"SQFT",{"v":13,"d":"13.00"},{"v":5544.5,"d":"$5,545"}]
[{"$f":"IF(D476=\"\",\"\",COUNTA(($D$8:D476)))","v":435},null,"2202 CLASSROOM   VCT FLOOR ",905.6,"SQFT",{"v":13,"d":"13.00"},{"v":11772.800000000001,"d":"$11,773"}]
[{"$f":"IF(D477=\"\",\"\",COUNTA(($D$8:D477)))","v":436},null,"2206 CLASSROOM   VCT FLOOR",909.3,"SQFT",{"v":13,"d":"13.00"},{"v":11820.9,"d":"$11,821"}]
[{"$f":"IF(D478=\"\",\"\",COUNTA(($D$8:D478)))","v":437},null,"2208 CLASS ROOM   VCT FLOOR",910.7,"SQFT",{"v":13,"d":"13.00"},{"v":11839.1,"d":"$11,839"}]
[{"$f":"IF(D479=\"\",\"\",COUNTA(($D$8:D479)))","v":438},null,"2212 CLASSROOM    VCT FLOOR",{"v":921,"d":"921.0"},"SQFT",{"v":13,"d":"13.00"},{"v":11973,"d":"$11,973"}]
[{"$f":"IF(D480=\"\",\"\",COUNTA(($D$8:D480)))","v":439},null,"2306 CLASSROOM   VCT FLOOR",838.8,"SQFT",{"v":13,"d":"13.00"},{"v":10904.4,"d":"$10,904"}]
[{"$f":"IF(D481=\"\",\"\",COUNTA(($D$8:D481)))","v":440},null,"2125 CORR.  VCT FLOOR",1275.6,"SQFT",{"v":13,"d":"13.00"},{"v":16582.8,"d":"$16,583"}]
[{"$f":"IF(D482=\"\",\"\",COUNTA(($D$8:D482)))","v":441},null,"2200 CORR.  VCT FLOOR",1639.9,"SQFT",{"v":13,"d":"13.00"},{"v":21318.7,"d":"$21,319"}]
[{"$f":"IF(D483=\"\",\"\",COUNTA(($D$8:D483)))","v":442},null,"2300 CORR.  VCT FLOOR",1543.6,"SQFT",{"v":13,"d":"13.00"},{"v":20066.8,"d":"$20,067"}]
[{"$f":"IF(D484=\"\",\"\",COUNTA(($D$8:D484)))","v":""}]
[{"$f":"IF(D485=\"\",\"\",COUNTA(($D$8:D485)))","v":""},null,"THIRD FLOOR PLAN G"]
[{"$f":"IF(D486=\"\",\"\",COUNTA(($D$8:D486)))","v":443},"A2.1.16","3312 STAFF OFFICE    VCT FLOOR",452.6,"SQFT",{"v":13,"d":"13.00"},{"v":5883.8,"d":"$5,884"}]
[{"$f":"IF(D487=\"\",\"\",COUNTA(($D$8:D487)))","v":444},null,"3310 CLASSROOM  VCT FLOOR",904.5,"SQFT",{"v":13,"d":"13.00"},{"v":11758.5,"d":"$11,759"}]
[{"$f":"IF(D488=\"\",\"\",COUNTA(($D$8:D488)))","v":445},null,"3306 CLASSROOM  VCT FLOOR",838.2,"SQFT",{"v":13,"d":"13.00"},{"v":10896.6,"d":"$10,897"}]
[{"$f":"IF(D489=\"\",\"\",COUNTA(($D$8:D489)))","v":446},null,"3212 CLASSROOM  VCT FLOOR",919.8,"SQFT",{"v":13,"d":"13.00"},{"v":11957.4,"d":"$11,957"}]
[{"$f":"IF(D490=\"\",\"\",COUNTA(($D$8:D490)))","v":447},null,"3208 CLASSROOM  VCT FLOOR",906.7,"SQFT",{"v":13,"d":"13.00"},{"v":11787.1,"d":"$11,787"}]
[{"$f":"IF(D491=\"\",\"\",COUNTA(($D$8:D491)))","v":448},null,"3206  CLASSROOM  VCT FLOOR",906.9,"SQFT",{"v":13,"d":"13.00"},{"v":11789.699999999999,"d":"$11,790"}]
[{"$f":"IF(D492=\"\",\"\",COUNTA(($D$8:D492)))","v":449},null,"3202  CLASSROOM  VCT FLOOR",883.2,"SQFT",{"v":13,"d":"13.00"},{"v":11481.6,"d":"$11,482"}]
[{"$f":"IF(D493=\"\",\"\",COUNTA(($D$8:D493)))","v":450},null,"3132 CLASSROOM  VCT FLOOR",907.3,"SQFT",{"v":13,"d":"13.00"},{"v":11794.9,"d":"$11,795"}]
[{"$f":"IF(D494=\"\",\"\",COUNTA(($D$8:D494)))","v":451},null,"3128 CLASSROOM VCT FLOOR",895.9,"SQFT",{"v":13,"d":"13.00"},{"v":11646.699999999999,"d":"$11,647"}]
[{"$f":"IF(D495=\"\",\"\",COUNTA(($D$8:D495)))","v":452},null,"3124 DEV. READING  VCT FLOOR",911.8,"SQFT",{"v":13,"d":"13.00"},{"v":11853.4,"d":"$11,853"}]
[{"$f":"IF(D496=\"\",\"\",COUNTA(($D$8:D496)))","v":453},null,"3120A CCRD   VCT FLOOR",151.9,"SQFT",{"v":13,"d":"13.00"},{"v":1974.7,"d":"$1,975"}]
[{"$f":"IF(D497=\"\",\"\",COUNTA(($D$8:D497)))","v":454},null,"3120 CCRD  VCT FLOOR",802.5,"SQFT",{"v":13,"d":"13.00"},{"v":10432.5,"d":"$10,433"}]
[{"$f":"IF(D498=\"\",\"\",COUNTA(($D$8:D498)))","v":455},null,"2123 TOILET WALLS   CT",277.5,"SQFT",{"v":12,"d":"12.00"},{"v":3330,"d":"$3,330"}]
[{"$f":"IF(D499=\"\",\"\",COUNTA(($D$8:D499)))","v":456},null,"3121 TOILET WALLS  CT",280.8,"SQFT",{"v":12,"d":"12.00"},{"v":3369.6000000000004,"d":"$3,370"}]
[{"$f":"IF(D500=\"\",\"\",COUNTA(($D$8:D500)))","v":457},null,"3125 CLASSROOM   VCT FLOOR",{"v":916,"d":"916.0"},"SQFT",{"v":13,"d":"13.00"},{"v":11908,"d":"$11,908"}]
[{"$f":"IF(D501=\"\",\"\",COUNTA(($D$8:D501)))","v":458},null,"3129 CLASSROOM VCT FLOOR",858.5,"SQFT",{"v":13,"d":"13.00"},{"v":11160.5,"d":"$11,161"}]
[{"$f":"IF(D502=\"\",\"\",COUNTA(($D$8:D502)))","v":459},null,"3203 MC.STOR.  VCT FLOOR",{"v":193,"d":"193.0"},"SQFT",{"v":13,"d":"13.00"},{"v":2509,"d":"$2,509"}]
[{"$f":"IF(D503=\"\",\"\",COUNTA(($D$8:D503)))","v":460},null,"3201 BOOK STOR.M2  VCT FLOOR",{"v":285,"d":"285.0"},"SQFT",{"v":13,"d":"13.00"},{"v":3705,"d":"$3,705"}]
[{"$f":"IF(D504=\"\",\"\",COUNTA(($D$8:D504)))","v":461},null,"3401 TOIL   CT",{"v":84,"d":"84.0"},"SQFT",{"v":12,"d":"12.00"},{"v":1008,"d":"$1,008"}]
[{"$f":"IF(D505=\"\",\"\",COUNTA(($D$8:D505)))","v":462},null,"3403B STOR.  VCT FLOOR",{"v":248,"d":"248.0"},"SQFT",{"v":13,"d":"13.00"},{"v":3224,"d":"$3,224"}]
[{"$f":"IF(D506=\"\",\"\",COUNTA(($D$8:D506)))","v":463},null,"3403A OFFICE   VCT FLOOR",{"v":139,"d":"139.0"},"SQFT",{"v":13,"d":"13.00"},{"v":1807,"d":"$1,807"}]
[{"$f":"IF(D507=\"\",\"\",COUNTA(($D$8:D507)))","v":464},null,"3315 STOR  VCT FLOOR",135.7,"SQFT",{"v":13,"d":"13.00"},{"v":1764.1,"d":"$1,764"}]
[{"$f":"IF(D508=\"\",\"\",COUNTA(($D$8:D508)))","v":465},null,"3311 SP.ED.RES.  VCT FLOOR",738.8,"SQFT",{"v":13,"d":"13.00"},{"v":9604.4,"d":"$9,604"}]
[{"$f":"IF(D509=\"\",\"\",COUNTA(($D$8:D509)))","v":466},null,"3307 CLASSROOM  VCT FLOOR",778.8,"SQFT",{"v":13,"d":"13.00"},{"v":10124.4,"d":"$10,124"}]
[{"$f":"IF(D510=\"\",\"\",COUNTA(($D$8:D510)))","v":467},null,"3213 TOILET WALLS  CT",260.8,"SQFT",{"v":12,"d":"12.00"},{"v":3129.6000000000004,"d":"$3,130"}]
[{"$f":"IF(D511=\"\",\"\",COUNTA(($D$8:D511)))","v":468},null,"3211 TOILET WALLS   CT",259.9,"SQFT",{"v":12,"d":"12.00"},{"v":3118.7999999999997,"d":"$3,119"}]
[{"$f":"IF(D512=\"\",\"\",COUNTA(($D$8:D512)))","v":469},null,"3209 TOIL CT  ",55.7,"SQFT",{"v":12,"d":"12.00"},{"v":668.4000000000001,"d":"$668"}]
[{"$f":"IF(D513=\"\",\"\",COUNTA(($D$8:D513)))","v":470},null,"3207 TOIL  CT",55.8,"SQFT",{"v":12,"d":"12.00"},{"v":669.5999999999999,"d":"$670"}]
[{"$f":"IF(D514=\"\",\"\",COUNTA(($D$8:D514)))","v":471},null,"3205A   RES. OFF  VCT FLOOR",{"v":148,"d":"148.0"},"SQFT",{"v":13,"d":"13.00"},{"v":1924,"d":"$1,924"}]
[{"$f":"IF(D515=\"\",\"\",COUNTA(($D$8:D515)))","v":472},null,"3205 STAFF. OFF.  VCT FLOOR",{"v":979,"d":"979.0"},"SQFT",{"v":13,"d":"13.00"},{"v":12727,"d":"$12,727"}]
[{"$f":"IF(D516=\"\",\"\",COUNTA(($D$8:D516)))","v":473},null,"3131 CORR.  VCT FLOOR",2294.9,"SQFT",{"v":13,"d":"13.00"},{"v":29833.7,"d":"$29,834"}]
[{"$f":"IF(D517=\"\",\"\",COUNTA(($D$8:D517)))","v":474},null,"2403 MULTI-PURPOSE  VCT FLOOR",1263.2,"SQFT",{"v":13,"d":"13.00"},{"v":16421.600000000002,"d":"$16,422"}]
[{"$f":"IF(D518=\"\",\"\",COUNTA(($D$8:D518)))","v":475},null,"3405 CORR   VCT FLOOR",551.9,"SQFT",{"v":13,"d":"13.00"},{"v":7174.7,"d":"$7,175"}]
[{"$f":"IF(D519=\"\",\"\",COUNTA(($D$8:D519)))","v":476},null,"3400 CORR.  VCT FLOOR",2344.4,"SQFT",{"v":13,"d":"13.00"},{"v":30477.2,"d":"$30,477"}]
[{"$f":"IF(D520=\"\",\"\",COUNTA(($D$8:D520)))","v":477},null,"3407   CLASSROOM  VCT FLOOR",947.6,"SQFT",{"v":13,"d":"13.00"},{"v":12318.800000000001,"d":"$12,319"}]
[{"$f":"IF(D521=\"\",\"\",COUNTA(($D$8:D521)))","v":478},null,"3200 CORR  VCT FLOOR",1619.6,"SQFT",{"v":13,"d":"13.00"},{"v":21054.8,"d":"$21,055"}]
[{"$f":"IF(D522=\"\",\"\",COUNTA(($D$8:D522)))","v":""}]
[{"$f":"IF(D523=\"\",\"\",COUNTA(($D$8:D523)))","v":""},null,"THIRD FLOOR PLAN PART F"]
[{"$f":"IF(D524=\"\",\"\",COUNTA(($D$8:D524)))","v":479},"A2.1.15","3336 CLASSROOM    VCT FLOOR",959.5,"SQFT",{"v":13,"d":"13.00"},{"v":12473.5,"d":"$12,474"}]
[{"$f":"IF(D525=\"\",\"\",COUNTA(($D$8:D525)))","v":480},null,"3332 CLASSROOM  VCT FLOOR",934.5,"SQFT",{"v":13,"d":"13.00"},{"v":12148.5,"d":"$12,149"}]
[{"$f":"IF(D526=\"\",\"\",COUNTA(($D$8:D526)))","v":481},null,"3324 CLASS ROOM   VCT FLOOR",852.5,"SQFT",{"v":13,"d":"13.00"},{"v":11082.5,"d":"$11,083"}]
[{"$f":"IF(D527=\"\",\"\",COUNTA(($D$8:D527)))","v":482},null,"3322 CLASSROOM    VCT FLOOR",{"v":863,"d":"863.0"},"SQFT",{"v":13,"d":"13.00"},{"v":11219,"d":"$11,219"}]
[{"$f":"IF(D528=\"\",\"\",COUNTA(($D$8:D528)))","v":483},null,"3318 CLASSROOM   VCT FLOOR",814.6,"SQFT",{"v":13,"d":"13.00"},{"v":10589.800000000001,"d":"$10,590"}]
[{"$f":"IF(D529=\"\",\"\",COUNTA(($D$8:D529)))","v":484},null,"3317 CLASSROOM    VCT FLOOR",838.9,"SQFT",{"v":13,"d":"13.00"},{"v":10905.699999999999,"d":"$10,906"}]
[{"$f":"IF(D530=\"\",\"\",COUNTA(($D$8:D530)))","v":485},null,"3321  CLASSROOM   VCT FLOOR",839.2,"SQFT",{"v":13,"d":"13.00"},{"$f":"D530*F530","v":{"v":10909.6,"d":"$10,910"}}]
[{"$f":"IF(D531=\"\",\"\",COUNTA(($D$8:D531)))","v":486},null,"3323 CLASSROOM  VCT FLOOR",854.3,"SQFT",{"v":13,"d":"13.00"},{"v":11105.9,"d":"$11,106"}]
[{"$f":"IF(D532=\"\",\"\",COUNTA(($D$8:D532)))","v":487},null,"3327 CLASSROOM  VCT FLOOR",835.5,"SQFT",{"v":13,"d":"13.00"},{"v":10861.5,"d":"$10,862"}]
[{"$f":"IF(D533=\"\",\"\",COUNTA(($D$8:D533)))","v":488},null,"3503 TOILET WALLS  CT",260.3,"SQFT",{"v":12,"d":"12.00"},{"v":3123.6000000000004,"d":"$3,124"}]
[{"$f":"IF(D534=\"\",\"\",COUNTA(($D$8:D534)))","v":489},null,"3505 TOILET WALLS   CT",260.1,"SQFT",{"v":12,"d":"12.00"},{"v":3121.2000000000003,"d":"$3,121"}]
[{"$f":"IF(D535=\"\",\"\",COUNTA(($D$8:D535)))","v":490},null,"3507 STAFF OFF.   VCT FLOOR",296.1,"SQFT",{"v":13,"d":"13.00"},{"v":3849.3,"d":"$3,849"}]
[{"$f":"IF(D536=\"\",\"\",COUNTA(($D$8:D536)))","v":491},null,"3507 RES. OFF.VCT FLOOR",{"v":147,"d":"147.0"},"SQFT",{"v":13,"d":"13.00"},{"v":1911,"d":"$1,911"}]
[{"$f":"IF(D537=\"\",\"\",COUNTA(($D$8:D537)))","v":492},null,"3515 TOIL.  CT",55.7,"SQFT",{"v":12,"d":"12.00"},{"v":668.4000000000001,"d":"$668"}]
[{"$f":"IF(D538=\"\",\"\",COUNTA(($D$8:D538)))","v":493},null,"3517 TOIL  CT",{"v":56,"d":"56.0"},"SQFT",{"v":12,"d":"12.00"},{"v":672,"d":"$672"}]
[{"$f":"IF(D539=\"\",\"\",COUNTA(($D$8:D539)))","v":494},null,"3519 BOOK STOR.  VCT FLOOR",510.8,"SQFT",{"v":13,"d":"13.00"},{"v":6640.400000000001,"d":"$6,640"}]
[{"$f":"IF(D540=\"\",\"\",COUNTA(($D$8:D540)))","v":495},null,"3107 CLASSROOM  VCT FLOOR",903.1,"SQFT",{"v":13,"d":"13.00"},{"v":11740.300000000001,"d":"$11,740"}]
[{"$f":"IF(D541=\"\",\"\",COUNTA(($D$8:D541)))","v":496},null,"3111 CLASSROOM  VCT FLOOR",793.2,"SQFT",{"v":13,"d":"13.00"},{"v":10311.6,"d":"$10,312"}]
[{"$f":"IF(D542=\"\",\"\",COUNTA(($D$8:D542)))","v":497},null,"3113 CLASSROOM   VCT FLOOR",874.4,"SQFT",{"v":13,"d":"13.00"},{"v":11367.199999999999,"d":"$11,367"}]
[{"$f":"IF(D543=\"\",\"\",COUNTA(($D$8:D543)))","v":498},null,"3117 CLASSROOM   VCT FLOOR",821.5,"SQFT",{"v":13,"d":"13.00"},{"v":10679.5,"d":"$10,680"}]
[{"$f":"IF(D544=\"\",\"\",COUNTA(($D$8:D544)))","v":499},null,"3412 STOR   VCT FLOOR",99.5,"SQFT",{"v":13,"d":"13.00"},{"v":1293.5,"d":"$1,294"}]
[{"$f":"IF(D545=\"\",\"\",COUNTA(($D$8:D545)))","v":500},null,"3330 CORR.  VCT FLOOR",2261.8,"SQFT",{"v":13,"d":"13.00"},{"v":29403.4,"d":"$29,403"}]
[{"$f":"IF(D546=\"\",\"\",COUNTA(($D$8:D546)))","v":501},null,"3502 CLASSROOM   VCT FLOOR",843.3,"SQFT",{"v":13,"d":"13.00"},{"v":10962.9,"d":"$10,963"}]
[{"$f":"IF(D547=\"\",\"\",COUNTA(($D$8:D547)))","v":502},null,"3506 CLASSROOM  VCT FLOOR",838.6,"SQFT",{"v":13,"d":"13.00"},{"v":10901.800000000001,"d":"$10,902"}]
[{"$f":"IF(D548=\"\",\"\",COUNTA(($D$8:D548)))","v":503},null,"3508 ST.SUP  VCT FLOOR",167.6,"SQFT",{"v":13,"d":"13.00"},{"v":2178.7999999999997,"d":"$2,179"}]
[{"$f":"IF(D549=\"\",\"\",COUNTA(($D$8:D549)))","v":504},null,"3510 ST.SUP.  VCT FLOOR",147.7,"SQFT",{"v":13,"d":"13.00"},{"v":1920.1,"d":"$1,920"}]
[{"$f":"IF(D550=\"\",\"\",COUNTA(($D$8:D550)))","v":505},null,"3512 CORR.  VCT FLOOR",339.1,"SQFT",{"v":13,"d":"13.00"},{"v":4408.3,"d":"$4,408"}]
[{"$f":"IF(D551=\"\",\"\",COUNTA(($D$8:D551)))","v":506},null,"3514  ST.SUP.  VCT FLOOR",147.3,"SQFT",{"v":13,"d":"13.00"},{"v":1914.9,"d":"$1,915"}]
[{"$f":"IF(D552=\"\",\"\",COUNTA(($D$8:D552)))","v":507},null,"3518  CLASSROOM  VCT FLOOR",841.3,"SQFT",{"v":13,"d":"13.00"},{"v":10936.9,"d":"$10,937"}]
[{"$f":"IF(D553=\"\",\"\",COUNTA(($D$8:D553)))","v":508},null,"3522 CLASSROOM  VCT FLOOR",{"v":842,"d":"842.0"},"SQFT",{"v":13,"d":"13.00"},{"v":10946,"d":"$10,946"}]
[{"$f":"IF(D554=\"\",\"\",COUNTA(($D$8:D554)))","v":509},null,"3102 BOOK STORE   VCT FLOOR",480.9,"SQFT",{"v":13,"d":"13.00"},{"v":6251.7,"d":"$6,252"}]
[{"$f":"IF(D555=\"\",\"\",COUNTA(($D$8:D555)))","v":510},null,"3104 CLASSROOM VCT FLOOR",889.3,"SQFT",{"v":13,"d":"13.00"},{"v":11560.9,"d":"$11,561"}]
[{"$f":"IF(D556=\"\",\"\",COUNTA(($D$8:D556)))","v":511},null,"3108 CLASSROOM    VCT FLOOR",866.1,"SQFT",{"v":13,"d":"13.00"},{"v":11259.300000000001,"d":"$11,259"}]
[{"$f":"IF(D557=\"\",\"\",COUNTA(($D$8:D557)))","v":512},null,"3110 CLASSROOM   VCT FLOOR",868.3,"SQFT",{"v":13,"d":"13.00"},{"v":11287.9,"d":"$11,288"}]
[{"$f":"IF(D558=\"\",\"\",COUNTA(($D$8:D558)))","v":513},null,"3114 CLASSROOM  VCT FLOOR",806.7,"SQFT",{"v":13,"d":"13.00"},{"v":10487.1,"d":"$10,487"}]
[{"$f":"IF(D559=\"\",\"\",COUNTA(($D$8:D559)))","v":514},null,"3116 CLASSROOM  VCT FLOOR",835.4,"SQFT",{"v":13,"d":"13.00"},{"v":10860.199999999999,"d":"$10,860"}]
[{"$f":"IF(D560=\"\",\"\",COUNTA(($D$8:D560)))","v":515},null,"3120 CCRD  VCT FLOOR",405.9,"SQFT",{"v":13,"d":"13.00"},{"v":5276.7,"d":"$5,277"}]
[{"$f":"IF(D561=\"\",\"\",COUNTA(($D$8:D561)))","v":516},null,"3402 WORK   VCT FLOOR",{"v":524,"d":"524.0"},"SQFT",{"v":13,"d":"13.00"},{"v":6812,"d":"$6,812"}]
[{"$f":"IF(D562=\"\",\"\",COUNTA(($D$8:D562)))","v":517},null,"3500 CORR   VCT FLOOR",1559.9,"SQFT",{"v":13,"d":"13.00"},{"v":20278.7,"d":"$20,279"}]
[{"$f":"IF(D563=\"\",\"\",COUNTA(($D$8:D563)))","v":518},null,"3100 CORR.  VCT FLOOR",2425.3,"SQFT",{"v":13,"d":"13.00"},{"v":31528.9,"d":"$31,529"}]
[{"$f":"IF(D564=\"\",\"\",COUNTA(($D$8:D564)))","v":519},null,"3400 CORR.VCT FLOOR",1235.6,"SQFT",{"v":13,"d":"13.00"},{"v":16062.8,"d":"$16,063"}]
[{"$f":"IF(D565=\"\",\"\",COUNTA(($D$8:D565)))","v":""}]
[{"$f":"IF(D566=\"\",\"\",COUNTA(($D$8:D566)))","v":""},null,"FOURTH FLOOR PART G"]
[{"$f":"IF(D567=\"\",\"\",COUNTA(($D$8:D567)))","v":520},"A2.1.18","4302 SCI.STOR   VCT FLOOR",390.2,"SQFT",{"v":13,"d":"13.00"},{"v":5072.599999999999,"d":"$5,073"}]
[{"$f":"IF(D568=\"\",\"\",COUNTA(($D$8:D568)))","v":521},null,"4401 SCIENCE    VCT FLOOR",1980.9,"SQFT",{"v":13,"d":"13.00"},{"v":25751.7,"d":"$25,752"}]
[{"$f":"IF(D569=\"\",\"\",COUNTA(($D$8:D569)))","v":522},null,"4405 SCIENCE   VCT FLOOR",1452.4,"SQFT",{"v":13,"d":"13.00"},{"v":18881.2,"d":"$18,881"}]
[{"$f":"IF(D570=\"\",\"\",COUNTA(($D$8:D570)))","v":523},null,"4112 TOIL     CT",278.8,"SQFT",{"v":12,"d":"12.00"},{"v":3345.6000000000004,"d":"$3,346"}]
[{"$f":"IF(D571=\"\",\"\",COUNTA(($D$8:D571)))","v":524},null,"4114 TOIL   CT",278.8,"SQFT",{"v":12,"d":"12.00"},{"v":3345.6000000000004,"d":"$3,346"}]
[{"$f":"IF(D572=\"\",\"\",COUNTA(($D$8:D572)))","v":525},null,"4113 SCIENCE   VCT FLOOR",978.1,"SQFT",{"v":13,"d":"13.00"},{"v":12715.300000000001,"d":"$12,715"}]
[{"$f":"IF(D573=\"\",\"\",COUNTA(($D$8:D573)))","v":526},null,"4110 CORR.  VCT FLOOR",891.7,"SQFT",{"v":13,"d":"13.00"},{"v":11592.1,"d":"$11,592"}]
[{"$f":"IF(D574=\"\",\"\",COUNTA(($D$8:D574)))","v":527},null,"4400 CORR.   VCT FLOOR",2289.5,"SQFT",{"v":13,"d":"13.00"},{"v":29763.5,"d":"$29,764"}]
[{"$f":"IF(D575=\"\",\"\",COUNTA(($D$8:D575)))","v":528},null,"4301 CORR. VCT FLOOR",349.6,"SQFT",{"v":13,"d":"13.00"},{"v":4544.8,"d":"$4,545"}]
[{"$f":"IF(D576=\"\",\"\",COUNTA(($D$8:D576)))","v":""}]
[{"$f":"IF(D577=\"\",\"\",COUNTA(($D$8:D577)))","v":""},null,"FOURTH FLOOR PART F"]
[{"$f":"IF(D578=\"\",\"\",COUNTA(($D$8:D578)))","v":529},"A2.1.17","4312  SCIENCE   VCT FLOOR",{"v":1945,"d":"1945.0"},"SQFT",{"v":13,"d":"13.00"},{"v":25285,"d":"$25,285"}]
[{"$f":"IF(D579=\"\",\"\",COUNTA(($D$8:D579)))","v":530},null,"4308 SCIENCE   VCT FLOOR",1462.8,"SQFT",{"v":13,"d":"13.00"},{"v":19016.399999999998,"d":"$19,016"}]
[{"$f":"IF(D580=\"\",\"\",COUNTA(($D$8:D580)))","v":531},null,"4304A PREP  VCT FLOOR",256.3,"SQFT",{"v":13,"d":"13.00"},{"v":3331.9,"d":"$3,332"}]
[{"$f":"IF(D581=\"\",\"\",COUNTA(($D$8:D581)))","v":532},null,"4304 SCIENC   VCT FLOOR",{"v":1458,"d":"1458.0"},"SQFT",{"v":13,"d":"13.00"},{"v":18954,"d":"$18,954"}]
[{"$f":"IF(D582=\"\",\"\",COUNTA(($D$8:D582)))","v":533},null,"4303 SCIENCE  VCT FLOOR",1498.7,"SQFT",{"v":13,"d":"13.00"},{"v":19483.100000000002,"d":"$19,483"}]
[{"$f":"IF(D583=\"\",\"\",COUNTA(($D$8:D583)))","v":534},null,"4402 PROJ  VCT FLOOR",504.7,"SQFT",{"v":13,"d":"13.00"},{"v":6561.099999999999,"d":"$6,561"}]
[{"$f":"IF(D584=\"\",\"\",COUNTA(($D$8:D584)))","v":535},null,"4404 PROJ  VCT FLOOR",511.7,"SQFT",{"v":13,"d":"13.00"},{"v":6652.099999999999,"d":"$6,652"}]
[{"$f":"IF(D585=\"\",\"\",COUNTA(($D$8:D585)))","v":536},null,"4410 SCI.STOR.  VCT FLOOR",50.8,"SQFT",{"v":13,"d":"13.00"},{"v":660.4,"d":"$660"}]
[{"$f":"IF(D586=\"\",\"\",COUNTA(($D$8:D586)))","v":537},null,"4113 SCIENCE   VCT FLOOR",758.2,"SQFT",{"v":13,"d":"13.00"},{"v":9856.6,"d":"$9,857"}]
[{"$f":"IF(D587=\"\",\"\",COUNTA(($D$8:D587)))","v":538},null,"4307 SCIENCE  VCT FLOOR",1710.7,"SQFT",{"v":13,"d":"13.00"},{"v":22239.100000000002,"d":"$22,239"}]
[{"$f":"IF(D588=\"\",\"\",COUNTA(($D$8:D588)))","v":539},null,"4303A PREP  VCT FLOOR",265.8,"SQFT",{"v":13,"d":"13.00"},{"v":3455.4,"d":"$3,455"}]
[{"$f":"IF(D589=\"\",\"\",COUNTA(($D$8:D589)))","v":540},null,"4501 TOIL  CT",{"v":260,"d":"260.0"},"SQFT",{"v":12,"d":"12.00"},{"v":3120,"d":"$3,120"}]
[{"$f":"IF(D590=\"\",\"\",COUNTA(($D$8:D590)))","v":541},null,"4503 TOIL  CT",259.7,"SQFT",{"v":12,"d":"12.00"},{"v":3116.3999999999996,"d":"$3,116"}]
[{"$f":"IF(D591=\"\",\"\",COUNTA(($D$8:D591)))","v":542},null,"4312A PREP  VCT FLOOR",358.9,"SQFT",{"v":13,"d":"13.00"},{"v":4665.7,"d":"$4,666"}]
[{"$f":"IF(D592=\"\",\"\",COUNTA(($D$8:D592)))","v":543},null,"4502 SCIENCE  VCT FLOOR",1507.9,"SQFT",{"v":13,"d":"13.00"},{"v":19602.7,"d":"$19,603"}]
[{"$f":"IF(D593=\"\",\"\",COUNTA(($D$8:D593)))","v":544},null,"4500 CORR.  VCT FLOOR",1622.4,"SQFT",{"v":13,"d":"13.00"},{"v":21091.2,"d":"$21,091"}]
[{"$f":"IF(D594=\"\",\"\",COUNTA(($D$8:D594)))","v":545},null,"4512A  PREP VCT FLOOR",{"v":273,"d":"273.0"},"SQFT",{"v":13,"d":"13.00"},{"$f":"D594*F594","v":{"v":3549,"d":"$3,549"}}]
[{"$f":"IF(D595=\"\",\"\",COUNTA(($D$8:D595)))","v":546},null,"4508 CORR.  VCT FLOOR",296.5,"SQFT",{"v":13,"d":"13.00"},{"v":3854.5,"d":"$3,855"}]
[{"$f":"IF(D596=\"\",\"\",COUNTA(($D$8:D596)))","v":547},null,"4512 SCIENCE  VCT FLOOR",1733.1,"SQFT",{"v":13,"d":"13.00"},{"v":22530.3,"d":"$22,530"}]
[{"$f":"IF(D597=\"\",\"\",COUNTA(($D$8:D597)))","v":548},null,"4507 TOILET WALLS   CT",55.5,"SQFT",{"v":12,"d":"12.00"},{"v":666,"d":"$666"}]
[{"$f":"IF(D598=\"\",\"\",COUNTA(($D$8:D598)))","v":549},null,"4509 TOILET WALLS    CT",55.9,"SQFT",{"v":12,"d":"12.00"},{"v":670.8,"d":"$671"}]
[{"$f":"IF(D599=\"\",\"\",COUNTA(($D$8:D599)))","v":550},null,"4511 TOIL  CT",84.3,"SQFT",{"v":12,"d":"12.00"},{"v":1011.5999999999999,"d":"$1,012"}]
[{"$f":"IF(D600=\"\",\"\",COUNTA(($D$8:D600)))","v":551},null,"4513 SCI.STOR.   VCT FLOOR",684.5,"SQFT",{"v":13,"d":"13.00"},{"v":8898.5,"d":"$8,899"}]
[{"$f":"IF(D601=\"\",\"\",COUNTA(($D$8:D601)))","v":552},null,"4104 SCIENCE  VCT FLOOR",1425.6,"SQFT",{"v":13,"d":"13.00"},{"v":18532.8,"d":"$18,533"}]
[{"$f":"IF(D602=\"\",\"\",COUNTA(($D$8:D602)))","v":553},null,"4104A PREP   VCT FLOOR",265.2,"SQFT",{"v":13,"d":"13.00"},{"v":3447.6,"d":"$3,448"}]
[{"$f":"IF(D603=\"\",\"\",COUNTA(($D$8:D603)))","v":554},null,"4108 SCIENCE    VCT FLOOR",1496.1,"SQFT",{"v":13,"d":"13.00"},{"v":19449.3,"d":"$19,449"}]
[{"$f":"IF(D604=\"\",\"\",COUNTA(($D$8:D604)))","v":555},null,"4109A PREP    VCT FLOOR",310.3,"SQFT",{"v":13,"d":"13.00"},{"v":4033.9,"d":"$4,034"}]
[{"$f":"IF(D605=\"\",\"\",COUNTA(($D$8:D605)))","v":556},null,"4109  SCIENCE   VCT FLOOR",1498.6,"SQFT",{"v":13,"d":"13.00"},{"v":19481.8,"d":"$19,482"}]
[{"$f":"IF(D606=\"\",\"\",COUNTA(($D$8:D606)))","v":557},null,"4105A PREP   VCT FLOOR",319.6,"SQFT",{"v":13,"d":"13.00"},{"v":4154.8,"d":"$4,155"}]
[{"$f":"IF(D607=\"\",\"\",COUNTA(($D$8:D607)))","v":558},null,"4105 SCIENCE   VCT FLOOR",1586.2,"SQFT",{"v":13,"d":"13.00"},{"v":20620.600000000002,"d":"$20,621"}]
[{"$f":"IF(D608=\"\",\"\",COUNTA(($D$8:D608)))","v":559},null,"4103 CHEM.STOR   VCT FLOOR",253.1,"SQFT",{"v":13,"d":"13.00"},{"v":3290.2999999999997,"d":"$3,290"}]
[{"$f":"IF(D609=\"\",\"\",COUNTA(($D$8:D609)))","v":560},null,"4101  SCI.STOR.  VCT FLOOR",483.3,"SQFT",{"v":13,"d":"13.00"},{"v":6282.900000000001,"d":"$6,283"}]
[{"$f":"IF(D610=\"\",\"\",COUNTA(($D$8:D610)))","v":561},null,"4100 CORR.   VCT FLOOR",2264.4,"SQFT",{"v":13,"d":"13.00"},{"v":29437.2,"d":"$29,437"}]
[{"$f":"IF(D611=\"\",\"\",COUNTA(($D$8:D611)))","v":562},null,"4400 CORR.    VCT FLOOR",{"v":278,"d":"278.0"},"SQFT",{"v":13,"d":"13.00"},{"v":3614,"d":"$3,614"}]
[{"$f":"IF(D612=\"\",\"\",COUNTA(($D$8:D612)))","v":563},null,"4300 CORR.  VCT FLOOR",2104.1,"SQFT",{"v":13,"d":"13.00"},{"v":27353.3,"d":"$27,353"}]
[{"$f":"IF(D613=\"\",\"\",COUNTA(($D$8:D613)))","v":564},null,"4505 STAFF OFFICE    VCT FLOOR",1080.8,"SQFT",{"v":13,"d":"13.00"},{"v":14050.4,"d":"$14,050"}]
[{"$f":"IF(D614=\"\",\"\",COUNTA(($D$8:D614)))","v":565},null,"400 CORR.   VCT FLOOR",1200.7,"SQFT",{"v":13,"d":"13.00"},{"v":15609.1,"d":"$15,609"}]
[null,null,"Subtotal (Finishes)",{"$nulls":4},{"$f":"SUM(G19:G614)","v":{"v":4342173.575249999,"d":"$4,342,174"}}]
[]
[]
["SUBTOTAL",{"$nulls":6},{"$f":"SUM(H15,H615)","v":{"v":4342173.575249999,"d":"$4,342,173.58"}}]
["OVERHEAD",null,{"v":0.09,"d":"9%"},{"$nulls":4},{"$f":"C619*H618","v":{"v":390795.6217724999,"d":"$390,795.62"}}]
["INSURANCE",null,{"v":0.05,"d":"5%"},{"$nulls":4},{"$f":"C620*H618","v":{"v":217108.67876249994,"d":"$217,108.68"}}]
["CONTINGENCY",null,{"v":0.03,"d":"3%"},{"$nulls":4},{"$f":"C621*H618","v":{"v":130265.20725749996,"d":"$130,265.21"}}]
["TOTAL BASE BID",null,"(SUGGESTED BID)",{"$nulls":4},{"$f":"SUM(H618:H621)","v":{"v":5080343.083042499,"d":"$5,080,343.08"}}]
["Note:",null,"1- CT STANDS FOR CERAMIC TILE, C STANDS FOR CARPET AND QUERRY TILE (QT)  QUERRY TILES & VCT FOR Vinyl composition tile"]